Statystyki dla Wszystkie gminy w Polsce na mapie

Kliknij tutaj aby rozwiązać quiz!

Ogólne statystyki

  • Ten quiz został rozwiązany 7 645 razy
  • Średni wynik to 217 z 2477

Odpowiedzi na mapie

Odpowiedzi skodowane kolorowo w zielono-czerwonej skali na mapie do tego quizu, zgodnie z poniższymi procentami.
 

Statystyki odpowiedzi

WojewództwoPowiatGmina% Poprawnych
mazowieckieWarszawaWarszawa
61%
pomorskieGdańskGdańsk
55%
małopolskieKrakówKraków
54%
pomorskieGdyniaGdynia
53%
lubelskieLublinLublin
51%
łódzkieŁódźŁódź
50%
wielkopolskiePoznańPoznań
50%
zachodniopomorskieSzczecinSzczecin
50%
pomorskieSopotSopot
49%
dolnośląskieWrocławWrocław
49%
podlaskieBiałystokBiałystok
47%
śląskieKatowiceKatowice
47%
opolskieOpoleOpole
47%
kujawsko-pomorskieBydgoszczBydgoszcz
46%
warmińsko-mazurskieOlsztynOlsztyn
46%
śląskieczęstochowskiOlsztyn
46%
mazowieckieRadomRadom
46%
małopolskietarnowskiTarnów
46%
małopolskieTarnówTarnów
46%
kujawsko-pomorskieToruńToruń
46%
małopolskietatrzańskiZakopane
46%
świętokrzyskieKielceKielce
45%
wielkopolskiekolskiKoło
44%
wielkopolskiekolskiKoło
44%
pomorskiepuckiHel
43%
podkarpackieRzeszówRzeszów
43%
lubuskieZielona GóraZielona Góra
43%
śląskieCzęstochowaCzęstochowa
42%
łódzkiewieluńskiBiała
41%
opolskieprudnickiBiała
41%
mazowieckiepłockiBielsk
40%
lubelskieChełmChełm
40%
lubelskiechełmskiChełm
40%
warmińsko-mazurskieElblągElbląg
40%
warmińsko-mazurskieelbląskiElbląg
40%
zachodniopomorskieKoszalinKoszalin
40%
podlaskiesuwalskiSuwałki
40%
podlaskieSuwałkiSuwałki
40%
zachodniopomorskieŚwinoujścieŚwinoujście
40%
lubuskieGorzów WielkopolskiGorzów Wielkopolski
39%
podkarpackieropczycko-sędziszowskiOstrów
39%
mazowieckiePłockPłock
39%
kujawsko-pomorskiemogileńskiDąbrowa
38%
opolskieopolskiDąbrowa
38%
małopolskieNowy SączNowy Sącz
38%
pomorskiesłupskiSłupsk
38%
pomorskieSłupskSłupsk
38%
śląskieGliwiceGliwice
37%
wielkopolskieKaliszKalisz
37%
podkarpackierzeszowskiKamień
37%
lubelskiechełmskiKamień
37%
dolnośląskielubińskiLubin
37%
dolnośląskielubińskiLubin
37%
kujawsko-pomorskiesępoleńskiSośno
37%
dolnośląskieLegnicaLegnica
36%
wielkopolskiepilskiPiła
36%
śląskieBielsko-BiałaBielsko-Biała
35%
dolnośląskiejaworskiJawor
35%
dolnośląskieJelenia GóraJelenia Góra
35%
wielkopolskieKoninKonin
35%
podkarpackieKrosnoKrosno
35%
łódzkiePiotrków TrybunalskiPiotrków Trybunalski
35%
lubelskieZamośćZamość
35%
lubelskiezamojskiZamość
35%
śląskieBytomBytom
34%
podkarpackieprzemyskiPrzemyśl
34%
podkarpackiePrzemyślPrzemyśl
34%
śląskieSosnowiecSosnowiec
34%
dolnośląskieWałbrzychWałbrzych
34%
kujawsko-pomorskiewłocławskiWłocławek
34%
kujawsko-pomorskieWłocławekWłocławek
34%
lubelskiebialskiBiała Podlaska
33%
lubelskieBiała PodlaskaBiała Podlaska
33%
warmińsko-mazurskieełckiEłk
33%
warmińsko-mazurskieełckiEłk
33%
zachodniopomorskiekołobrzeskiKołobrzeg
33%
zachodniopomorskiekołobrzeskiKołobrzeg
33%
mazowieckiewarszawski zachodniLeszno
33%
wielkopolskieLesznoLeszno
33%
podlaskiełomżyńskiŁomża
33%
podlaskieŁomżaŁomża
33%
kujawsko-pomorskieświeckiNowe
33%
pomorskiepuckiPuck
33%
pomorskiepuckiPuck
33%
małopolskieolkuskiBolesław
32%
małopolskiedąbrowskiBolesław
32%
opolskiebrzeskiBrzeg
32%
dolnośląskiekłodzkiKłodzko
32%
dolnośląskiekłodzkiKłodzko
32%
małopolskienowotarskiNowy Targ
32%
małopolskienowotarskiNowy Targ
32%
śląskieRybnikRybnik
32%
mazowieckiesiedleckiSiedlce
32%
mazowieckieSiedlceSiedlce
32%
śląskieZabrzeZabrze
32%
śląskieChorzówChorzów
31%
dolnośląskiegłogowskiGłogów
31%
dolnośląskiegłogowskiGłogów
31%
wielkopolskiegnieźnieńskiGniezno
31%
wielkopolskiegnieźnieńskiGniezno
31%
kujawsko-pomorskieGrudziądzGrudziądz
31%
kujawsko-pomorskiegrudziądzkiGrudziądz
31%
pomorskiemalborskiMalbork
31%
pomorskiemalborskiMalbork
31%
mazowieckiepruszkowskiPruszków
31%
świętokrzyskiesandomierskiSandomierz
31%
podkarpackieTarnobrzegTarnobrzeg
31%
śląskieTychyTychy
31%
pomorskiewejherowskiWejherowo
31%
pomorskiewejherowskiWejherowo
31%
małopolskiewielickiWieliczka
31%
wielkopolskietureckiWładysławów
31%
podlaskieaugustowskiAugustów
30%
podlaskieaugustowskiAugustów
30%
śląskieDąbrowa GórniczaDąbrowa Górnicza
30%
kujawsko-pomorskieinowrocławskiInowrocław
30%
kujawsko-pomorskieinowrocławskiInowrocław
30%
podlaskiesokólskiNowy Dwór
30%
mazowieckieOstrołękaOstrołęka
30%
łódzkiepiotrkowskiAleksandrów
29%
lubelskiebiłgorajskiAleksandrów
29%
łódzkiebełchatowskiBełchatów
29%
łódzkiebełchatowskiBełchatów
29%
śląskieczęstochowskiJanów
29%
podlaskiesokólskiJanów
29%
małopolskieoświęcimskiOświęcim
29%
małopolskieoświęcimskiOświęcim
29%
małopolskiewadowickiWadowice
29%
dolnośląskiegórowskiGóra
28%
podlaskiesiemiatyckiGrodzisk
28%
mazowieckiepiaseczyńskiPiaseczno
28%
śląskieRuda ŚląskaRuda Śląska
28%
podkarpackiesanockiSanok
28%
podkarpackiesanockiSanok
28%
łódzkieskierniewickiSkierniewice
28%
łódzkieSkierniewiceSkierniewice
28%
śląskieżywieckiŻywiec
28%
małopolskiebocheńskiBochnia
27%
małopolskiebocheńskiBochnia
27%
dolnośląskiebolesławieckiBolesławiec
27%
łódzkiewieruszowskiBolesławiec
27%
dolnośląskiebolesławieckiBolesławiec
27%
śląskiecieszyńskiCieszyn
27%
warmińsko-mazurskieiławskiIława
27%
warmińsko-mazurskieiławskiIława
27%
podkarpackiejarosławskiJarosław
27%
podkarpackiejarosławskiJarosław
27%
śląskieJaworznoJaworzno
27%
pomorskielęborskiLębork
27%
dolnośląskiezgorzeleckiZgorzelec
27%
dolnośląskiezgorzeleckiZgorzelec
27%
śląskieŻoryŻory
27%
pomorskiechojnickiChojnice
26%
pomorskiechojnickiChojnice
26%
mazowieckieciechanowskiCiechanów
26%
mazowieckieciechanowskiCiechanów
26%
pomorskielęborskiŁeba
26%
podkarpackiemieleckiMielec
26%
podkarpackiemieleckiMielec
26%
śląskieMysłowiceMysłowice
26%
opolskienyskiNysa
26%
lubelskieparczewskiSiemień
26%
zachodniopomorskiestargardzkiStargard
26%
zachodniopomorskiestargardzkiStargard
26%
pomorskietczewskiTczew
26%
pomorskietczewskiTczew
26%
lubelskiehrubieszowskiHrubieszów
25%
lubelskiehrubieszowskiHrubieszów
25%
śląskieJastrzębie-ZdrójJastrzębie-Zdrój
25%
śląskiebielskiKozy
25%
łódzkiekutnowskiKutno
25%
łódzkiekutnowskiKutno
25%
mazowieckielegionowskiLegionowo
25%
śląskiekłobuckiOpatów
25%
świętokrzyskieopatowskiOpatów
25%
mazowieckieotwockiOtwock
25%
zachodniopomorskiepolickiPolice
25%
lubelskiepuławskiPuławy
25%
lubelskiepuławskiPuławy
25%
łódzkieradomszczańskiRadomsko
25%
łódzkieradomszczańskiRadomsko
25%
łódzkiesieradzkiSieradz
25%
łódzkiesieradzkiSieradz
25%
łódzkietomaszowskiTomaszów Mazowiecki
25%
łódzkietomaszowskiTomaszów Mazowiecki
25%
pomorskiesłupskiUstka
25%
pomorskiesłupskiUstka
25%
śląskiecieszyńskiWisła
25%
mazowieckiewołomińskiWołomin
25%
pomorskiebytowskiBytów
24%
małopolskiechrzanowskiChrzanów
24%
lubelskiejanowskiChrzanów
24%
warmińsko-mazurskiegiżyckiGiżycko
24%
warmińsko-mazurskiegiżyckiGiżycko
24%
małopolskiegorlickiGorlice
24%
małopolskiegorlickiGorlice
24%
wielkopolskiegostyńskiGostyń
24%
opolskiekędzierzyńsko-kozielskiKędzierzyn-Koźle
24%
łódzkiełaskiŁask
24%
łódzkiełowickiŁowicz
24%
łódzkiełowickiŁowicz
24%
mazowieckiemińskiMińsk Mazowiecki
24%
mazowieckiemińskiMińsk Mazowiecki
24%
dolnośląskieoławskiOława
24%
dolnośląskieoławskiOława
24%
świętokrzyskiestaszowskiOleśnica
24%
dolnośląskieoleśnickiOleśnica
24%
dolnośląskieoleśnickiOleśnica
24%
łódzkiepabianickiPabianice
24%
łódzkiepabianickiPabianice
24%
podkarpackiestalowowolskiStalowa Wola
24%
łódzkiekutnowskiStrzelce
24%
lubuskiezielonogórskiŚwidnica
24%
dolnośląskieświdnickiŚwidnica
24%
dolnośląskieświdnickiŚwidnica
24%
zachodniopomorskieszczecineckiSzczecinek
24%
zachodniopomorskieszczecineckiSzczecinek
24%
łódzkiewieluńskiWieluń
24%
lubuskieżarskiŻary
24%
lubuskieżarskiŻary
24%
łódzkiezgierskiZgierz
24%
łódzkiezgierskiZgierz
24%
śląskiebędzińskiBędzin
23%
podlaskiehajnowskiHajnówka
23%
podlaskiehajnowskiHajnówka
23%
podkarpackiejasielskiJasło
23%
podkarpackiejasielskiJasło
23%
pomorskienowodworskiKrynica Morska
23%
dolnośląskielubańskiLubań
23%
dolnośląskielubańskiLubań
23%
lubelskiełukowskiŁuków
23%
lubelskiełukowskiŁuków
23%
zachodniopomorskiekamieńskiMiędzyzdroje
23%
mazowieckiemławskiMława
23%
małopolskiemyślenickiMyślenice
23%
śląskiePiekary ŚląskiePiekary Śląskie
23%
śląskieraciborskiRacibórz
23%
śląskieSiemianowice ŚląskieSiemianowice Śląskie
23%
warmińsko-mazurskiebartoszyckiBartoszyce
22%
warmińsko-mazurskiebartoszyckiBartoszyce
22%
lubelskiebiłgorajskiBiłgoraj
22%
lubelskiebiłgorajskiBiłgoraj
22%
wielkopolskiepoznańskiBuk
22%
podkarpackiedębickiDębica
22%
podkarpackiedębickiDębica
22%
mazowieckiegrójeckiGrójec
22%
opolskiekluczborskiKluczbork
22%
pomorskiekwidzyńskiKwidzyn
22%
pomorskiekwidzyńskiKwidzyn
22%
łódzkieskierniewickiMaków
22%
zachodniopomorskiekoszalińskiMielno
22%
warmińsko-mazurskiemrągowskiMrągowo
22%
warmińsko-mazurskiemrągowskiMrągowo
22%
mazowieckiepłońskiNowe Miasto
22%
mazowieckienowodworskiNowy Dwór Mazowiecki
22%
małopolskieolkuskiOlkusz
22%
warmińsko-mazurskieostródzkiOstróda
22%
warmińsko-mazurskieostródzkiOstróda
22%
pomorskiestarogardzkiStarogard Gdański
22%
pomorskiestarogardzkiStarogard Gdański
22%
śląskieŚwiętochłowiceŚwiętochłowice
22%
podkarpackiebieszczadzkiUstrzyki Dolne
22%
świętokrzyskiejędrzejowskiWodzisław
22%
warmińsko-mazurskiebraniewskiBraniewo
21%
warmińsko-mazurskiebraniewskiBraniewo
21%
kujawsko-pomorskiechełmińskiChełmno
21%
kujawsko-pomorskiechełmińskiChełmno
21%
mazowieckiegarwolińskiGarwolin
21%
mazowieckiegarwolińskiGarwolin
21%
warmińsko-mazurskiegołdapskiGołdap
21%
pomorskiepuckiJastarnia
21%
dolnośląskiekarkonoski[a]Karpacz
21%
pomorskiekartuskiKartuzy
21%
lubelskiekraśnickiKraśnik
21%
lubelskiekraśnickiKraśnik
21%
podkarpackieleżajskiLeżajsk
21%
podkarpackieleżajskiLeżajsk
21%
małopolskielimanowskiLimanowa
21%
małopolskielimanowskiLimanowa
21%
lubelskielubartowskiLubartów
21%
lubelskielubartowskiLubartów
21%
małopolskiemiechowskiMiechów
21%
warmińsko-mazurskiemrągowskiMikołajki
21%
opolskienamysłowskiNamysłów
21%
lubuskienowosolskiNowa Sól
21%
lubuskienowosolskiNowa Sól
21%
wielkopolskieobornickiOborniki
21%
wielkopolskieostrowskiOstrów Wielkopolski
21%
wielkopolskieostrowskiOstrów Wielkopolski
21%
mazowieckiepłońskiPłońsk
21%
mazowieckiepłońskiPłońsk
21%
dolnośląskiepolkowickiPolkowice
21%
kujawsko-pomorskieświeckiPruszcz
21%
pomorskiewejherowskiReda
21%
pomorskiewejherowskiRumia
21%
mazowieckiesochaczewskiSochaczew
21%
mazowieckiesochaczewskiSochaczew
21%
świętokrzyskiestarachowickiStarachowice
21%
wielkopolskietureckiTurek
21%
wielkopolskietureckiTurek
21%
lubuskieżagańskiŻagań
21%
lubuskieżagańskiŻagań
21%
śląskiezawierciańskiZawiercie
21%
dolnośląskiezłotoryjskiZłotoryja
21%
dolnośląskiezłotoryjskiZłotoryja
21%
wielkopolskiezłotowskiZłotów
21%
wielkopolskiezłotowskiZłotów
21%
mazowieckieżyrardowskiŻyrardów
21%
dolnośląskiezgorzeleckiBogatynia
20%
świętokrzyskiebuskiBusko-Zdrój
20%
pomorskieczłuchowskiCzłuchów
20%
pomorskieczłuchowskiCzłuchów
20%
dolnośląskiedzierżoniowskiDzierżoniów
20%
dolnośląskiedzierżoniowskiDzierżoniów
20%
mazowieckiegrodziskiGrodzisk Mazowiecki
20%
zachodniopomorskiegryfińskiGryfino
20%
wielkopolskiejarocińskiJarocin
20%
podkarpackieniżańskiJarocin
20%
świętokrzyskiejędrzejowskiJędrzejów
20%
lubelskiepuławskiKazimierz Dolny
20%
warmińsko-mazurskiekętrzyńskiKętrzyn
20%
warmińsko-mazurskiekętrzyńskiKętrzyn
20%
pomorskiekościerskiKościerzyna
20%
pomorskiekościerskiKościerzyna
20%
lubelskiekrasnostawskiKrasnystaw
20%
lubelskiekrasnostawskiKrasnystaw
20%
podkarpackieleskiLesko
20%
kujawsko-pomorskielipnowskiLipno
20%
kujawsko-pomorskielipnowskiLipno
20%
wielkopolskieleszczyńskiLipno
20%
podlaskieaugustowskiLipsk
20%
wielkopolskienowotomyskiLwówek
20%
śląskiemyszkowskiMyszków
20%
pomorskienowodworskiNowy Dwór Gdański
20%
łódzkieopoczyńskiOpoczno
20%
kujawsko-pomorskieświeckiOsie
20%
warmińsko-mazurskiepiskiPisz
20%
śląskiepszczyńskiPszczyna
20%
mazowieckiepułtuskiPułtusk
20%
podlaskiesejneńskiSejny
20%
podlaskiesejneńskiSejny
20%
świętokrzyskieskarżyskiSkarżysko-Kamienna
20%
zachodniopomorskiesławieńskiSławno
20%
zachodniopomorskiesławieńskiSławno
20%
łódzkieopoczyńskiSławno
20%
lubuskiesłubickiSłubice
20%
mazowieckiepłockiSłubice
20%
wielkopolskieśredzkiŚroda Wielkopolska
20%
małopolskienowosądeckiStary Sącz
20%
lubelskieświdnickiŚwidnik
20%
lubuskieświebodzińskiŚwiebodzin
20%
warmińsko-mazurskieszczycieńskiSzczytno
20%
warmińsko-mazurskieszczycieńskiSzczytno
20%
śląskietarnogórskiTarnowskie Góry
20%
lubelskietomaszowskiTomaszów Lubelski
20%
lubelskietomaszowskiTomaszów Lubelski
20%
dolnośląskietrzebnickiTrzebnica
20%
śląskiecieszyńskiUstroń
20%
zachodniopomorskiewałeckiWałcz
20%
zachodniopomorskiewałeckiWałcz
20%
zachodniopomorskiekamieńskiWolin
20%
wielkopolskiewrzesińskiWrześnia
20%
mazowieckiewyszkowskiWyszków
20%
zachodniopomorskiebiałogardzkiBiałogard
19%
zachodniopomorskiebiałogardzkiBiałogard
19%
wielkopolskieśremskiBrodnica
19%
kujawsko-pomorskiebrodnickiBrodnica
19%
kujawsko-pomorskiebrodnickiBrodnica
19%
małopolskiebrzeskiBrzesko
19%
podkarpackiebieszczadzkiCzarna
19%
podkarpackiełańcuckiCzarna
19%
podkarpackiedębickiCzarna
19%
zachodniopomorskiesławieńskiDarłowo
19%
zachodniopomorskiesławieńskiDarłowo
19%
wielkopolskieczarnkowsko-trzcianeckiDrawsko
19%
warmińsko-mazurskiebraniewskiFrombork
19%
opolskiegłubczyckiGłubczyce
19%
zachodniopomorskiegoleniowskiGoleniów
19%
podlaskiegrajewskiGrajewo
19%
podlaskiegrajewskiGrajewo
19%
zachodniopomorskiegryfickiGryfice
19%
dolnośląskiekamiennogórskiKamienna Góra
19%
dolnośląskiekamiennogórskiKamienna Góra
19%
zachodniopomorskiekamieńskiKamień Pomorski
19%
wielkopolskiepoznańskiKostrzyn
19%
łódzkiełęczyckiŁęczyca
19%
łódzkiełęczyckiŁęczyca
19%
warmińsko-mazurskiedziałdowskiLidzbark
19%
śląskielublinieckiLubliniec
19%
lubuskiemiędzyrzeckiMiędzyrzecz
19%
warmińsko-mazurskienidzickiNidzica
19%
świętokrzyskieostrowieckiOstrowiec Świętokrzyski
19%
łódzkierawskiRawa Mazowiecka
19%
łódzkierawskiRawa Mazowiecka
19%
pomorskiesztumskiSztum
19%
świętokrzyskiestaszowskiSzydłów
19%
kujawsko-pomorskietucholskiTuchola
19%
pomorskiepuckiWładysławowo
19%
lubelskiewłodawskiWłodawa
19%
lubelskiewłodawskiWłodawa
19%
mazowieckiewołomińskiZąbki
19%
podlaskiezambrowskiZambrów
19%
podlaskiezambrowskiZambrów
19%
łódzkiezduńskowolskiZduńska Wola
19%
łódzkiezduńskowolskiZduńska Wola
19%
kujawsko-pomorskieżnińskiŻnin
19%
mazowieckiegostynińskiGostynin
18%
mazowieckiegostynińskiGostynin
18%
podlaskiekolneńskiKolno
18%
podlaskiekolneńskiKolno
18%
warmińsko-mazurskieolsztyńskiKolno
18%
świętokrzyskiekoneckiKońskie
18%
mazowieckiekozienickiKozienice
18%
wielkopolskiekrotoszyńskiKrotoszyn
18%
małopolskienowosądeckiKrynica-Zdrój
18%
podkarpackiełańcuckiŁańcut
18%
podkarpackiełańcuckiŁańcut
18%
podkarpackielubaczowskiLubaczów
18%
podkarpackielubaczowskiLubaczów
18%
mazowieckiewołomińskiMarki
18%
śląskiemikołowskiMikołów
18%
warmińsko-mazurskieoleckiOlecko
18%
warmińsko-mazurskieolsztyńskiOlsztynek
18%
pomorskiegdańskiPruszcz Gdański
18%
pomorskiegdańskiPruszcz Gdański
18%
kujawsko-pomorskieradziejowskiRadziejów
18%
kujawsko-pomorskieradziejowskiRadziejów
18%
wielkopolskierawickiRawicz
18%
świętokrzyskiejędrzejowskiSędziszów
18%
wielkopolskieśremskiŚrem
18%
dolnośląskieśredzkiŚroda Śląska
18%
łódzkiepiotrkowskiSulejów
18%
kujawsko-pomorskieświeckiŚwiecie
18%
warmińsko-mazurskiewęgorzewskiWęgorzewo
18%
świętokrzyskiewłoszczowskiWłoszczowa
18%
dolnośląskiewołowskiWołów
18%
kujawsko-pomorskiealeksandrowskiAleksandrów Kujawski
17%
kujawsko-pomorskiealeksandrowskiAleksandrów Kujawski
17%
łódzkiezgierskiAleksandrów Łódzki
17%
podkarpackiełańcuckiBiałobrzegi
17%
mazowieckiebiałobrzeskiBiałobrzegi
17%
podlaskiebielskiBielsk Podlaski
17%
podlaskiebielskiBielsk Podlaski
17%
łódzkiebrzezińskiBrzeziny
17%
wielkopolskiekaliskiBrzeziny
17%
łódzkiebrzezińskiBrzeziny
17%
podkarpackiebrzozowskiBrzozów
17%
warmińsko-mazurskiedziałdowskiDziałdowo
17%
warmińsko-mazurskiedziałdowskiDziałdowo
17%
lubelskieparczewskiJabłoń
17%
wielkopolskiekępińskiKępno
17%
śląskiekłobuckiKłobuck
17%
lubelskiełęczyńskiŁęczna
17%
mazowieckiełosickiŁosice
17%
dolnośląskiemilickiMilicz
17%
zachodniopomorskiemyśliborskiMyślibórz
17%
świętokrzyskieopatowskiOżarów
17%
lubelskieparczewskiParczew
17%
świętokrzyskiepińczowskiPińczów
17%
podkarpackieprzeworskiPrzeworsk
17%
podkarpackieprzeworskiPrzeworsk
17%
kujawsko-pomorskierypińskiRypin
17%
kujawsko-pomorskierypińskiRypin
17%
podlaskiesiemiatyckiSiemiatycze
17%
podlaskiesiemiatyckiSiemiatycze
17%
opolskiestrzeleckiStrzelce Opolskie
17%
dolnośląskiestrzelińskiStrzelin
17%
lubuskiesulęcińskiSulęcin
17%
wielkopolskieszamotulskiSzamotuły
17%
mazowieckiewęgrowskiWęgrów
17%
łódzkiewieruszowskiWieruszów
17%
wielkopolskiewolsztyńskiWolsztyn
17%
mazowieckiezwoleńskiZwoleń
17%
śląskiebieruńsko-lędzińskiBieruń
16%
kujawsko-pomorskiegolubsko-dobrzyńskiCiechocin
16%
wielkopolskieczarnkowsko-trzcianeckiCzarnków
16%
wielkopolskieczarnkowsko-trzcianeckiCzarnków
16%
podkarpackiekolbuszowskiKolbuszowa
16%
wielkopolskiekościańskiKościan
16%
wielkopolskiekościańskiKościan
16%
opolskiekrapkowickiKrapkowice
16%
świętokrzyskiepińczowskiMichałów
16%
wielkopolskiemiędzychodzkiMiędzychód
16%
podlaskiemonieckiMońki
16%
kujawsko-pomorskienakielskiNakło nad Notecią
16%
wielkopolskienowotomyskiNowy Tomyśl
16%
wielkopolskieostrzeszowskiOstrzeszów
16%
łódzkiepajęczańskiPajęczno
16%
małopolskieproszowickiProszowice
16%
opolskieprudnickiPrudnik
16%
mazowieckieprzasnyskiPrzasnysz
16%
mazowieckieprzasnyskiPrzasnysz
16%
lubelskieradzyńskiRadzyń Podlaski
16%
lubelskieradzyńskiRadzyń Podlaski
16%
lubelskieryckiRyki
16%
mazowieckiesierpeckiSierpc
16%
mazowieckiesierpeckiSierpc
16%
podlaskiesokólskiSokółka
16%
mazowieckiesokołowskiSokołów Podlaski
16%
mazowieckiesokołowskiSokołów Podlaski
16%
świętokrzyskiestaszowskiStaszów
16%
dolnośląskiekarkonoski[a]Szklarska Poręba
16%
lubelskiebialskiTerespol
16%
lubelskiebialskiTerespol
16%
wielkopolskiewągrowieckiWągrowiec
16%
wielkopolskiewągrowieckiWągrowiec
16%
śląskiewodzisławskiWodzisław Śląski
16%
lubuskiewschowskiWschowa
16%
lubelskielubelskiWysokie
16%
dolnośląskieząbkowickiZąbkowice Śląskie
16%
wielkopolskiekępińskiBaranów
15%
lubelskiepuławskiBaranów
15%
mazowieckiegrodziskiBaranów
15%
wielkopolskiechodzieskiChodzież
15%
wielkopolskiechodzieskiChodzież
15%
kujawsko-pomorskiealeksandrowskiCiechocinek
15%
lubelskieryckiDęblin
15%
wielkopolskiegrodziskiGrodzisk Wielkopolski
15%
lubelskiejanowskiJanów Lubelski
15%
lubelskiebiłgorajskiJózefów
15%
mazowieckieotwockiJózefów
15%
dolnośląskiekłodzkiKudowa-Zdrój
15%
warmińsko-mazurskielidzbarskiLidzbark Warmiński
15%
warmińsko-mazurskielidzbarskiLidzbark Warmiński
15%
pomorskiebytowskiMiastko
15%
kujawsko-pomorskiemogileńskiMogilno
15%
małopolskiewielickiNiepołomice
15%
podkarpackieniżańskiNisko
15%
lubelskieopolskiOpole Lubelskie
15%
mazowieckieostrowskiOstrów Mazowiecka
15%
mazowieckieostrowskiOstrów Mazowiecka
15%
wielkopolskiepleszewskiPleszew
15%
zachodniopomorskiepyrzyckiPyrzyce
15%
podkarpackieropczycko-sędziszowskiRopczyce
15%
podkarpackiestrzyżowskiStrzyżów
15%
małopolskiesuskiSucha Beskidzka
15%
śląskiebielskiSzczyrk
15%
małopolskieoświęcimskiZator
15%
mazowieckieżuromińskiŻuromin
15%
małopolskiewadowickiAndrychów
14%
małopolskiedąbrowskiDąbrowa Tarnowska
14%
małopolskielimanowskiDobra
14%
wielkopolskietureckiDobra
14%
zachodniopomorskiełobeskiDobra
14%
mazowieckiemińskiDobre
14%
kujawsko-pomorskieradziejowskiDobre
14%
zachodniopomorskiedrawskiDrawsko Pomorskie
14%
pomorskietczewskiGniew
14%
kujawsko-pomorskiegolubsko-dobrzyńskiGolub-Dobrzyń
14%
kujawsko-pomorskiegolubsko-dobrzyńskiGolub-Dobrzyń
14%
mazowieckiepiaseczyńskiGóra Kalwaria
14%
lubuskiekrośnieńskiKrosno Odrzańskie
14%
dolnośląskielwóweckiLwówek Śląski
14%
małopolskiedąbrowskiOlesno
14%
opolskieoleskiOlesno
14%
mazowieckieotwockiOsieck
14%
kujawsko-pomorskiebrodnickiOsiek
14%
pomorskiestarogardzkiOsiek
14%
małopolskieoświęcimskiOsiek
14%
świętokrzyskiestaszowskiOsiek
14%
łódzkiepoddębickiPoddębice
14%
małopolskienowotarskiRabka-Zdrój
14%
mazowieckiewołomińskiRadzymin
14%
pomorskienowodworskiStegna
14%
wielkopolskiepoznańskiSwarzędz
14%
zachodniopomorskieświdwińskiŚwidwin
14%
zachodniopomorskieświdwińskiŚwidwin
14%
mazowieckieszydłowieckiSzydłowiec
14%
mazowieckiegrójeckiWarka
14%
łódzkiesieradzkiWarta
14%
podlaskiehajnowskiBiałowieża
13%
zachodniopomorskiechoszczeńskiChoszczno
13%
zachodniopomorskiemyśliborskiDębno
13%
małopolskiebrzeskiDębno
13%
lubuskiestrzelecko-drezdeneckiDrezdenko
13%
mazowieckieradomskiJastrzębia
13%
dolnośląskiewrocławskiKąty Wrocławskie
13%
lubuskiegorzowskiKostrzyn nad Odrą
13%
śląskiebieruńsko-lędzińskiLędziny
13%
mazowieckielipskiLipsko
13%
zachodniopomorskiełobeskiŁobez
13%
wielkopolskiepoznańskiLuboń
13%
mazowieckiemakowskiMaków Mazowiecki
13%
lubelskieświdnickiPiaski
13%
wielkopolskiegostyńskiPiaski
13%
łódzkiełęczyckiPiątek
13%
małopolskietatrzańskiPoronin
13%
mazowieckieprzysuskiPrzysucha
13%
wielkopolskiesłupeckiSłupca
13%
wielkopolskiesłupeckiSłupca
13%
mazowieckiemińskiSulejówek
13%
wielkopolskieczarnkowsko-trzcianeckiTrzcianka
13%
kujawsko-pomorskiewąbrzeskiWąbrzeźno
13%
podlaskiewysokomazowieckiWysokie Mazowieckie
13%
podlaskiewysokomazowieckiWysokie Mazowieckie
13%
lubelskiekraśnickiAnnopol
12%
małopolskietatrzańskiBukowina Tatrzańska
12%
śląskiebielskiCzechowice-Dziedzice
12%
lubelskiebialskiJanów Podlaski
12%
lubuskieżarskiJasień
12%
małopolskiewadowickiKalwaria Zebrzydowska
12%
świętokrzyskiekazimierskiKazimierza Wielka
12%
śląskiegliwickiKnurów
12%
mazowieckiepiaseczyńskiKonstancin-Jeziorna
12%
wielkopolskiesłupeckiLądek
12%
mazowieckiewarszawski zachodniŁomianki
12%
małopolskiesuskiMaków Podhalański
12%
lubelskiepuławskiNałęczów
12%
warmińsko-mazurskienowomiejskiNowe Miasto Lubawskie
12%
warmińsko-mazurskienowomiejskiNowe Miasto Lubawskie
12%
zachodniopomorskiegryfickiRewal
12%
lubelskiekrasnostawskiRudnik
12%
śląskieraciborskiRudnik
12%
kujawsko-pomorskiesępoleńskiSępólno Krajeńskie
12%
małopolskiekrakowskiSkawina
12%
lubuskiestrzelecko-drezdeneckiStrzelce Krajeńskie
12%
małopolskienowotarskiSzczawnica
12%
mazowieckiewołomińskiTłuszcz
12%
małopolskiechrzanowskiTrzebinia
12%
mazowieckiewołomińskiZielonka
12%
dolnośląskiekłodzkiBystrzyca Kłodzka
11%
zachodniopomorskiegryfińskiCedynia
11%
podlaskiebiałostockiChoroszcz
11%
pomorskieczłuchowskiCzarne
11%
wielkopolskieszamotulskiDuszniki
11%
zachodniopomorskiekamieńskiDziwnów
11%
opolskienyskiGłuchołazy
11%
lubuskiekrośnieńskiGubin
11%
lubuskiekrośnieńskiGubin
11%
lubelskiepuławskiJanowiec
11%
wielkopolskiekolskiKłodawa
11%
lubuskiegorzowskiKłodawa
11%
lubelskiebialskiKonstantynów
11%
kujawsko-pomorskiewłocławskiKowal
11%
kujawsko-pomorskiewłocławskiKowal
11%
dolnośląskiekłodzkiLądek-Zdrój
11%
podkarpackieprzemyskiMedyka
11%
małopolskienowosądeckiMuszyna
11%
dolnośląskiekłodzkiNowa Ruda
11%
dolnośląskiekłodzkiNowa Ruda
11%
podlaskiełomżyńskiNowogród
11%
dolnośląskietrzebnickiOborniki Śląskie
11%
mazowieckiewarszawski zachodniOżarów Mazowiecki
11%
mazowieckiepruszkowskiPiastów
11%
mazowieckiegarwolińskiPilawa
11%
dolnośląskiekłodzkiPolanica-Zdrój
11%
warmińsko-mazurskiegiżyckiRyn
11%
podkarpackieropczycko-sędziszowskiSędziszów Małopolski
11%
lubuskiewschowskiSława
11%
mazowieckiepiaseczyńskiTarczyn
11%
łódzkiepoddębickiUniejów
11%
opolskienamysłowskiWilków
11%
lubelskieopolskiWilków
11%
małopolskietatrzańskiBiały Dunajec
10%
zachodniopomorskiekoszalińskiBobolice
10%
dolnośląskiejaworskiBolków
10%
świętokrzyskiekieleckiChęciny
10%
kujawsko-pomorskietoruńskiChełmża
10%
kujawsko-pomorskietoruńskiChełmża
10%
małopolskienowotarskiCzarny Dunajec
10%
śląskiebędzińskiCzeladź
10%
pomorskiechojnickiCzersk
10%
warmińsko-mazurskieolsztyńskiDobre Miasto
10%
łódzkiełęczyckiGrabów
10%
warmińsko-mazurskieostródzkiGrunwald
10%
mazowieckiesochaczewskiIłów
10%
lubelskielubelskiJabłonna
10%
mazowieckielegionowskiJabłonna
10%
małopolskiesuskiJordanów
10%
małopolskiesuskiJordanów
10%
wielkopolskiegrodziskiKamieniec
10%
lubelskielubartowskiKock
10%
łódzkiełódzki wschodniKoluszki
10%
śląskieczęstochowskiKoniecpol
10%
wielkopolskiepoznańskiKórnik
10%
małopolskietatrzańskiKościelisko
10%
śląskiemyszkowskiKoziegłowy
10%
podkarpackieniżańskiKrzeszów
10%
mazowieckiepłockiŁąck
10%
warmińsko-mazurskieiławskiLubawa
10%
warmińsko-mazurskieiławskiLubawa
10%
dolnośląskiekłodzkiMiędzylesie
10%
lubelskieparczewskiMilanów
10%
śląskiewodzisławskiMszana
10%
opolskieopolskiMurów
10%
mazowieckiegrójeckiNowe Miasto nad Pilicą
10%
świętokrzyskiestarachowickiPawłów
10%
mazowieckiepruszkowskiRaszyn
10%
łódzkiełódzki wschodniRzgów
10%
wielkopolskiekonińskiRzgów
10%
mazowieckielegionowskiSerock
10%
kujawsko-pomorskiebydgoskiSolec Kujawski
10%
podkarpackieleskiSolina
10%
lubuskiezielonogórskiSulechów
10%
warmińsko-mazurskieiławskiSusz
10%
lubelskiezamojskiSzczebrzeszyn
10%
zachodniopomorskiegryfickiTrzebiatów
10%
małopolskielimanowskiTymbark
10%
opolskiestrzeleckiUjazd
10%
łódzkietomaszowskiUjazd
10%
zachodniopomorskiekołobrzeskiUstronie Morskie
10%
świętokrzyskiestarachowickiWąchock
10%
wielkopolskieszamotulskiWronki
10%
pomorskiekartuskiŻukowo
10%
małopolskiechrzanowskiAlwernia
9%
łódzkierawskiBiała Rawska
9%
dolnośląskiedzierżoniowskiBielawa
9%
mazowieckiewarszawski zachodniBłonie
9%
dolnośląskiewołowskiBrzeg Dolny
9%
podlaskiesokólskiDąbrowa Białostocka
9%
dolnośląskiekłodzkiDuszniki-Zdrój
9%
podlaskiebiałostockiGródek
9%
mazowieckiemińskiHalinów
9%
mazowieckieradomskiIłża
9%
śląskiebieruńsko-lędzińskiImielin
9%
łódzkiebrzezińskiJeżów
9%
małopolskieoświęcimskiKęty
9%
łódzkiebełchatowskiKleszczów
9%
mazowieckiewołomińskiKobyłka
9%
podlaskiebiałostockiŁapy
9%
śląskiezawierciańskiŁazy
9%
podkarpackiebieszczadzkiLutowiska
9%
mazowieckiepruszkowskiMichałowice
9%
małopolskiekrakowskiMichałowice
9%
warmińsko-mazurskieostródzkiMorąg
9%
świętokrzyskiebuskiPacanów
9%
opolskienyskiPaczków
9%
małopolskiemyślenickiPcim
9%
pomorskietczewskiPelplin
9%
śląskiezawierciańskiPilica
9%
mazowieckieradomskiPionki
9%
mazowieckieradomskiPionki
9%
świętokrzyskiewłoszczowskiRadków
9%
dolnośląskiekłodzkiRadków
9%
świętokrzyskiekieleckiRaków
9%
warmińsko-mazurskiepiskiRuciane-Nida
9%
zachodniopomorskiekołobrzeskiRymań
9%
dolnośląskieświdnickiStrzegom
9%
kujawsko-pomorskiemogileńskiStrzelno
9%
podlaskiebiałostockiSupraśl
9%
podlaskiebiałostockiTykocin
9%
dolnośląskiestrzelińskiWiązów
9%
małopolskieolkuskiWolbrom
9%
podkarpackiesanockiZagórz
9%
wielkopolskienowotomyskiZbąszyń
9%
dolnośląskietrzebnickiŻmigród
9%
lubuskiestrzelecko-drezdeneckiZwierzyn
9%
lubelskiełukowskiAdamów
8%
lubelskiezamojskiAdamów
8%
lubuskiezielonogórskiBabimost
8%
dolnośląskieząbkowickiBardo
8%
zachodniopomorskiemyśliborskiBarlinek
8%
warmińsko-mazurskiepiskiBiała Piska
8%
mazowieckiesokołowskiBielany
8%
warmińsko-mazurskieolsztyńskiBiskupiec
8%
warmińsko-mazurskienowomiejskiBiskupiec
8%
mazowieckiepruszkowskiBrwinów
8%
świętokrzyskiekieleckiChmielnik
8%
podkarpackierzeszowskiChmielnik
8%
dolnośląskielegnickiChojnów
8%
dolnośląskielegnickiChojnów
8%
podkarpackieleskiCisna
8%
lubelskiełęczyńskiCyców
8%
zachodniopomorskiedrawskiCzaplinek
8%
wielkopolskiekolskiDąbie
8%
lubuskiekrośnieńskiDąbie
8%
podlaskiesiemiatyckiDrohiczyn
8%
lubelskiebiłgorajskiFrampol
8%
podkarpackierzeszowskiGłogów Małopolski
8%
małopolskienowosądeckiGrybów
8%
małopolskienowosądeckiGrybów
8%
śląskiecieszyńskiIstebna
8%
podkarpackiekrośnieńskiIwonicz-Zdrój
8%
lubelskielubartowskiKamionka
8%
łódzkiepabianickiKonstantynów Łódzki
8%
kujawsko-pomorskiebydgoskiKoronowo
8%
małopolskiemiechowskiKozłów
8%
małopolskiekrakowskiKrzeszowice
8%
wielkopolskieczarnkowsko-trzcianeckiKrzyż Wielkopolski
8%
lubuskieświebodzińskiŁagów
8%
świętokrzyskiekieleckiŁagów
8%
lubelskieopolskiŁaziska
8%
dolnośląskielubańskiLeśna
8%
małopolskiechrzanowskiLibiąż
8%
małopolskiegorlickiLipinki
8%
pomorskiebytowskiLipnica
8%
dolnośląskiekamiennogórskiLubawka
8%
małopolskiemyślenickiLubień
8%
śląskietarnogórskiMiasteczko Śląskie
8%
lubelskiebialskiMiędzyrzec Podlaski
8%
lubelskiebialskiMiędzyrzec Podlaski
8%
mazowieckiegrodziskiMilanówek
8%
wielkopolskiepoznańskiMosina
8%
małopolskielimanowskiMszana Dolna
8%
małopolskielimanowskiMszana Dolna
8%
wielkopolskiepoznańskiMurowana Goślina
8%
mazowieckienowodworskiNasielsk
8%
lubelskielubelskiNiemce
8%
zachodniopomorskiegoleniowskiNowogard
8%
śląskiezawierciańskiOgrodzieniec
8%
wielkopolskienowotomyskiOpalenica
8%
opolskienyskiOtmuchów
8%
podlaskiełomżyńskiPiątnica
8%
małopolskienowosądeckiPiwniczna-Zdrój
8%
wielkopolskieszamotulskiPniewy
8%
mazowieckiegrójeckiPniewy
8%
mazowieckiegrodziskiPodkowa Leśna
8%
świętokrzyskiestaszowskiPołaniec
8%
opolskieopolskiPrószków
8%
wielkopolskiepoznańskiPuszczykowo
8%
śląskietarnogórskiRadzionków
8%
wielkopolskiepoznańskiRokietnica
8%
podkarpackiejarosławskiRokietnica
8%
wielkopolskiemiędzychodzkiSieraków
8%
śląskiecieszyńskiSkoczów
8%
śląskiebędzińskiSławków
8%
dolnośląskiewrocławskiSobótka
8%
podkarpackierzeszowskiSokołów Małopolski
8%
pomorskiesztumskiStary Targ
8%
dolnośląskiekłodzkiStronie Śląskie
8%
dolnośląskielubańskiŚwieradów-Zdrój
8%
śląskiezawierciańskiSzczekociny
8%
pomorskienowodworskiSztutowo
8%
łódzkiełódzki wschodniTuszyn
8%
wielkopolskiepilskiWysoka
8%
łódzkieopoczyńskiŻarnów
8%
lubuskieświebodzińskiZbąszynek
8%
małopolskiekrakowskiZielonki
8%
dolnośląskieząbkowickiZłoty Stok
8%
małopolskiechrzanowskiBabice
7%
małopolskiegorlickiBiecz
7%
śląskieczęstochowskiBlachownia
7%
świętokrzyskiekieleckiBodzentyn
7%
podkarpackierzeszowskiBoguchwała
7%
podkarpackiestalowowolskiBojanów
7%
zachodniopomorskieszczecineckiBorne Sulinowo
7%
dolnośląskiestrzelińskiBorów
7%
podlaskiebielskiBrańsk
7%
podlaskiebielskiBrańsk
7%
podlaskiewysokomazowieckiCiechanowiec
7%
świętokrzyskieostrowieckiĆmielów
7%
podlaskiebiałostockiCzarna Białostocka
7%
mazowieckieostrołęckiCzerwin
7%
małopolskienowotarskiCzorsztyn
7%
podlaskiehajnowskiCzyże
7%
świętokrzyskiekieleckiDaleszyce
7%
małopolskiemyślenickiDobczyce
7%
podkarpackiekrośnieńskiDukla
7%
podkarpackierzeszowskiDynów
7%
podkarpackierzeszowskiDynów
7%
małopolskiewielickiGdów
7%
warmińsko-mazurskieolsztyńskiGietrzwałd
7%
opolskieoleskiGorzów Śląski
7%
śląskiewodzisławskiGorzyce
7%
podkarpackietarnobrzeskiGorzyce
7%
mazowieckiewarszawski zachodniIzabelin
7%
lubelskiekrasnostawskiIzbica
7%
śląskiebielskiJasienica
7%
dolnośląskieoławskiJelcz-Laskowice
7%
zachodniopomorskiedrawskiKalisz Pomorski
7%
małopolskielimanowskiKamienica
7%
dolnośląskieząbkowickiKamieniec Ząbkowicki
7%
łódzkieradomszczańskiKamieńsk
7%
mazowieckiewarszawski zachodniKampinos
7%
mazowieckieotwockiKarczew
7%
kujawsko-pomorskienakielskiKcynia
7%
zachodniopomorskiepolickiKołbaskowo
7%
podkarpackiesanockiKomańcza
7%
wielkopolskiepoznańskiKomorniki
7%
dolnośląskiekarkonoski[a]Kowary
7%
kujawsko-pomorskieinowrocławskiKruszwica
7%
podlaskiesokólskiKuźnica
7%
mazowieckiepiaseczyńskiLesznowola
7%
opolskiebrzeskiLewin Brzeski
7%
świętokrzyskiejędrzejowskiMałogoszcz
7%
podlaskiebiałostockiMichałowo
7%
świętokrzyskiekieleckiMorawica
7%
mazowieckiesiedleckiMordy
7%
mazowieckiemińskiMrozy
7%
mazowieckieżyrardowskiMszczonów
7%
mazowieckieostrołęckiMyszyniec
7%
podlaskiehajnowskiNarew
7%
podkarpackielubaczowskiNarol
7%
opolskieopolskiNiemodlin
7%
zachodniopomorskiepolickiNowe Warpno
7%
świętokrzyskiekazimierskiOpatowiec
7%
warmińsko-mazurskielidzbarskiOrneta
7%
śląskiemikołowskiOrzesze
7%
warmińsko-mazurskiepiskiOrzysz
7%
łódzkiezgierskiOzorków
7%
łódzkiezgierskiOzorków
7%
warmińsko-mazurskieelbląskiPasłęk
7%
podkarpackiedębickiPilzno
7%
kujawsko-pomorskieradziejowskiPiotrków Kujawski
7%
śląskiezawierciańskiPoręba
7%
pomorskiegdańskiPszczółki
7%
śląskiewodzisławskiRadlin
7%
opolskieoleskiRadłów
7%
małopolskietarnowskiRadłów
7%
podkarpackiejarosławskiRadymno
7%
podkarpackiejarosławskiRadymno
7%
warmińsko-mazurskiekętrzyńskiReszel
7%
łódzkiebrzezińskiRogów
7%
wielkopolskieobornickiRogoźno
7%
kujawsko-pomorskiegrudziądzkiRogóźno
7%
podkarpackieniżańskiRudnik nad Sanem
7%
podkarpackiekrośnieńskiRymanów
7%
lubuskiesłubickiRzepin
7%
śląskiebędzińskiSiewierz
7%
małopolskiekrakowskiSkała
7%
małopolskiekrakowskiSłomniki
7%
świętokrzyskiejędrzejowskiSłupia
7%
łódzkieskierniewickiSłupia
7%
pomorskiekartuskiStężyca
7%
lubelskieryckiStężyca
7%
mazowieckiewęgrowskiStoczek
7%
łódzkiezgierskiStryków
7%
wielkopolskiepoznańskiSuchy Las
7%
małopolskiedąbrowskiSzczucin
7%
lubuskiewschowskiSzlichtyngowa
7%
kujawsko-pomorskienakielskiSzubin
7%
lubelskiebiłgorajskiTarnogród
7%
wielkopolskiepoznańskiTarnowo Podgórne
7%
warmińsko-mazurskieelbląskiTolkmicko
7%
wielkopolskiepilskiUjście
7%
śląskieżywieckiWęgierska Górka
7%
świętokrzyskiebuskiWiślica
7%
wielkopolskiepilskiWyrzysk
7%
małopolskietarnowskiŻabno
7%
śląskiemyszkowskiŻarki
7%
małopolskiesuskiZawoja
7%
łódzkiełowickiZduny
7%
wielkopolskiekrotoszyńskiZduny
7%
lubelskiezamojskiZwierzyniec
7%
podkarpackietarnobrzeskiBaranów Sandomierski
6%
lubelskietomaszowskiBełżec
6%
lubelskielubelskiBełżyce
6%
małopolskiewielickiBiskupice
6%
kujawsko-pomorskielipnowskiBobrowniki
6%
śląskiebędzińskiBobrowniki
6%
świętokrzyskiestarachowickiBrody
6%
lubuskieżarskiBrody
6%
mazowieckieostrowskiBrok
6%
kujawsko-pomorskiewłocławskiBrześć Kujawski
6%
małopolskieoświęcimskiBrzeszcze
6%
lubelskielubelskiBychawa
6%
lubuskienowosolskiBytom Odrzański
6%
małopolskieoświęcimskiChełmek
6%
śląskiebieruńsko-lędzińskiChełm Śląski
6%
wielkopolskiepleszewskiChocz
6%
zachodniopomorskiegryfińskiChojna
6%
podkarpackielubaczowskiCieszanów
6%
pomorskiestarogardzkiCzarna Woda
6%
małopolskiebrzeskiCzchów
6%
wielkopolskiekościańskiCzempiń
6%
śląskieżywieckiCzernichów
6%
małopolskiekrakowskiCzernichów
6%
śląskierybnickiCzerwionka-Leszczyny
6%
mazowieckiewołomińskiDąbrówka
6%
łódzkiepajęczańskiDziałoszyn
6%
opolskieprudnickiGłogówek
6%
łódzkiezgierskiGłowno
6%
łódzkiezgierskiGłowno
6%
kujawsko-pomorskieinowrocławskiGniewkowo
6%
śląskiepszczyńskiGoczałkowice-Zdrój
6%
opolskiekrapkowickiGogolin
6%
lubelskiebiłgorajskiGoraj
6%
warmińsko-mazurskiebartoszyckiGórowo Iławeckie
6%
warmińsko-mazurskiebartoszyckiGórowo Iławeckie
6%
mazowieckieradomskiGózd
6%
dolnośląskielwóweckiGryfów Śląski
6%
lubuskieżagańskiIłowa
6%
małopolskienowotarskiJabłonka
6%
wielkopolskiezłotowskiJastrowie
6%
podlaskiełomżyńskiJedwabne
6%
lubelskieopolskiJózefów nad Wisłą
6%
mazowieckiemińskiKałuszyn
6%
podlaskiehajnowskiKleszczele
6%
świętokrzyskiesandomierskiKlimontów
6%
małopolskieolkuskiKlucze
6%
podlaskiemonieckiKnyszyn
6%
wielkopolskiekrotoszyńskiKobylin
6%
pomorskiepuckiKosakowo
6%
małopolskieproszowickiKoszyce
6%
mazowieckieprzasnyskiKrasne
6%
podkarpackierzeszowskiKrasne
6%
lubelskiezamojskiKrasnobród
6%
małopolskienowotarskiKrościenko nad Dunajcem
6%
podlaskiesokólskiKrynki
6%
małopolskiemiechowskiKsiąż Wielki
6%
lubelskiepuławskiKurów
6%
dolnośląskiedzierżoniowskiŁagiewniki
6%
dolnośląskielegnickiLegnickie Pole
6%
dolnośląskiekłodzkiLewin Kłodzki
6%
śląskiekłobuckiLipie
6%
mazowieckiewęgrowskiŁochów
6%
kujawsko-pomorskietoruńskiLubicz
6%
świętokrzyskiekieleckiMasłów
6%
zachodniopomorskiewałeckiMirosławiec
6%
małopolskiekrakowskiMogilany
6%
mazowieckiepruszkowskiNadarzyn
6%
wielkopolskiewrzesińskiNekla
6%
lubelskiezamojskiNielisz
6%
mazowieckielegionowskiNieporęt
6%
podkarpackietarnobrzeskiNowa Dęba
6%
świętokrzyskiekieleckiNowa Słupia
6%
małopolskieproszowickiNowe Brzesko
6%
wielkopolskieostrowskiNowe Skalmierzyce
6%
mazowieckieostrowskiNur
6%
wielkopolskiekaliskiOpatówek
6%
lubelskielubartowskiOstrów Lubelski
6%
śląskiepszczyńskiPawłowice
6%
warmińsko-mazurskiebraniewskiPieniężno
6%
zachodniopomorskiegryfickiPłoty
6%
wielkopolskiepoznańskiPobiedziska
6%
zachodniopomorskieświdwińskiPołczyn-Zdrój
6%
pomorskiekwidzyńskiPrabuty
6%
opolskieoleskiPraszka
6%
dolnośląskielegnickiProchowice
6%
łódzkieradomszczańskiPrzedbórz
6%
śląskiegliwickiPyskowice
6%
wielkopolskiewrzesińskiPyzdry
6%
małopolskiemiechowskiRacławice
6%
podlaskiesuwalskiRaczki
6%
świętokrzyskiekoneckiRadoszyce
6%
lubelskiechełmskiRejowiec
6%
mazowieckiemakowskiRóżan
6%
śląskiewodzisławskiRydułtowy
6%
dolnośląskielubińskiŚcinawa
6%
zachodniopomorskiekoszalińskiSianów
6%
dolnośląskiewrocławskiSiechnice
6%
podkarpackieprzeworskiSieniawa
6%
mazowieckieradomskiSkaryszew
6%
mazowieckielipskiSolec nad Wisłą
6%
mazowieckiemińskiStanisławów
6%
świętokrzyskiekoneckiStąporków
6%
mazowieckiewarszawski zachodniStare Babice
6%
lubelskiełukowskiStoczek Łukowski
6%
lubelskiełukowskiStoczek Łukowski
6%
świętokrzyskieskarżyskiSuchedniów
6%
dolnośląskieświdnickiŚwiebodzice
6%
dolnośląskieoleśnickiSyców
6%
podlaskiegrajewskiSzczuczyn
6%
dolnośląskiekłodzkiSzczytna
6%
wielkopolskiegnieźnieńskiTrzemeszno
6%
małopolskietarnowskiTuchów
6%
podlaskiebiałostockiWasilków
6%
podlaskiegrajewskiWąsosz
6%
dolnośląskiegórowskiWąsosz
6%
warmińsko-mazurskieszczycieńskiWielbark
6%
wielkopolskieczarnkowsko-trzcianeckiWieleń
6%
małopolskiekrakowskiWielka Wieś
6%
śląskiebielskiWilamowice
6%
mazowieckieżyrardowskiWiskitki
6%
wielkopolskiegnieźnieńskiWitkowo
6%
lubelskielubelskiWojciechów
6%
lubelskielubelskiWólka
6%
małopolskiekrakowskiZabierzów
6%
mazowieckieradomskiZakrzew
6%
lubelskielubelskiZakrzew
6%
lubelskiebialskiZalesie
6%
śląskiezawierciańskiŻarnowiec
6%
świętokrzyskiesandomierskiZawichost
6%
mazowieckiegarwolińskiŻelechów
6%
zachodniopomorskiedrawskiZłocieniec
6%
podkarpackieleskiBaligród
5%
świętokrzyskieostrowieckiBałtów
5%
zachodniopomorskiegryfińskiBanie
5%
kujawsko-pomorskieżnińskiBarcin
5%
warmińsko-mazurskieolsztyńskiBarczewo
5%
podkarpackiesanockiBesko
5%
kujawsko-pomorskiebydgoskiBiałe Błota
5%
zachodniopomorskieszczecineckiBiały Bór
5%
dolnośląskieoleśnickiBierutów
5%
warmińsko-mazurskiebartoszyckiBisztynek
5%
łódzkiesieradzkiBłaszki
5%
łódzkieskierniewickiBolimów
5%
pomorskiechojnickiBrusy
5%
wielkopolskiechodzieskiBudzyń
5%
małopolskieolkuskiBukowno
5%
opolskiekluczborskiByczyna
5%
mazowieckieotwockiCelestynów
5%
mazowieckieprzasnyskiChorzele
5%
małopolskietarnowskiCiężkowice
5%
podlaskiehajnowskiCzeremcha
5%
wielkopolskiepoznańskiCzerwonak
5%
zachodniopomorskiewałeckiCzłopa
5%
podlaskiewysokomazowieckiCzyżew
5%
mazowieckiemińskiDębe Wielkie
5%
pomorskieczłuchowskiDebrzno
5%
dolnośląskiewrocławskiDługołęka
5%
lubuskiestrzelecko-drezdeneckiDobiegniew
5%
wielkopolskiepoznańskiDopiewo
5%
lubelskiechełmskiDorohusk
5%
warmińsko-mazurskieolsztyńskiDywity
5%
lubelskielubartowskiFirlej
5%
mazowieckiepłockiGąbin
5%
mazowieckieciechanowskiGlinojeck
5%
podlaskiemonieckiGoniądz
5%
świętokrzyskiekieleckiGórno
5%
mazowieckiegarwolińskiGórzno
5%
kujawsko-pomorskiebrodnickiGórzno
5%
opolskiebrzeskiGrodków
5%
lubelskiehrubieszowskiHorodło
5%
podkarpackielubaczowskiHoryniec-Zdrój
5%
kujawsko-pomorskiebrodnickiJabłonowo Pomorskie
5%
kujawsko-pomorskieinowrocławskiJanikowo
5%
kujawsko-pomorskieżnińskiJanowiec Wielkopolski
5%
warmińsko-mazurskienidzickiJanowo
5%
mazowieckieszydłowieckiJastrząb
5%
warmińsko-mazurskieolsztyńskiJeziorany
5%
kujawsko-pomorskiesępoleńskiKamień Krajeński
5%
podkarpackieprzeworskiKańczuga
5%
zachodniopomorskiebiałogardzkiKarlino
5%
opolskiegłubczyckiKietrz
5%
świętokrzyskiepińczowskiKije
5%
małopolskiewielickiKłaj
5%
wielkopolskiekonińskiKleczew
5%
dolnośląskiewrocławskiKobierzyce
5%
kujawsko-pomorskiealeksandrowskiKoneck
5%
świętokrzyskiesandomierskiKoprzywnica
5%
mazowieckiesokołowskiKosów Lacki
5%
wielkopolskiejarocińskiKotlin
5%
wielkopolskiekrotoszyńskiKoźmin Wielkopolski
5%
wielkopolskiezłotowskiKrajenka
5%
pomorskiepuckiKrokowa
5%
łódzkiekutnowskiKrośniewice
5%
łódzkiepabianickiKsawerów
5%
wielkopolskieśremskiKsiąż Wielkopolski
5%
świętokrzyskieostrowieckiKunów
5%
śląskieraciborskiKuźnia Raciborska
5%
małopolskienowosądeckiŁącko
5%
świętokrzyskieskarżyskiŁączna
5%
małopolskiewadowickiLanckorona
5%
śląskiemikołowskiŁaziska Górne
5%
śląskieczęstochowskiLelów
5%
lubuskieżarskiLipinki Łużyckie
5%
małopolskiebocheńskiLipnica Murowana
5%
świętokrzyskieopatowskiLipnik
5%
małopolskiekrakowskiLiszki
5%
świętokrzyskiekieleckiŁopuszno
5%
łódzkiewieruszowskiLututów
5%
mazowieckiegarwolińskiMaciejowice
5%
mazowieckiepłockiMała Wieś
5%
wielkopolskiechodzieskiMargonin
5%
świętokrzyskiekieleckiMiedziana Góra
5%
warmińsko-mazurskieostródzkiMiłomłyn
5%
wielkopolskiewrzesińskiMiłosław
5%
śląskieżywieckiMilówka
5%
mazowieckieszydłowieckiMirów
5%
świętokrzyskiekieleckiMniów
5%
mazowieckiegrójeckiMogielnica
5%
podlaskiehajnowskiNarewka
5%
małopolskielimanowskiNiedźwiedź
5%
dolnośląskiedzierżoniowskiNiemcza
5%
podkarpackieleżajskiNowa Sarzyna
5%
lubuskienowosolskiNowe Miasteczko
5%
dolnośląskiebolesławieckiNowogrodziec
5%
łódzkiełódzki wschodniNowosolna
5%
małopolskiebocheńskiNowy Wiśnicz
5%
podkarpackiejasielskiNowy Żmigród
5%
wielkopolskiezłotowskiOkonek
5%
dolnośląskielubańskiOlszyna
5%
lubuskiesłubickiOśno Lubuskie
5%
łódzkiewieluńskiOstrówek
5%
lubelskielubartowskiOstrówek
5%
opolskieopolskiOzimek
5%
warmińsko-mazurskieszczycieńskiPasym
5%
świętokrzyskiekieleckiPiekoszów
5%
lubelskieopolskiPoniatowa
5%
śląskiemyszkowskiPoraj
5%
zachodniopomorskiesławieńskiPostomino
5%
lubelskiebiłgorajskiPotok Górny
5%
wielkopolskiesłupeckiPowidz
5%
dolnośląskiepolkowickiPrzemków
5%
śląskiebędzińskiPsary
5%
podlaskiesejneńskiPuńsk
5%
małopolskienowotarskiRaba Wyżna
5%
mazowieckiepłońskiRaciąż
5%
mazowieckiepłońskiRaciąż
5%
podkarpackiemieleckiRadomyśl Wielki
5%
mazowieckieżyrardowskiRadziejowice
5%
podlaskiegrajewskiRajgród
5%
zachodniopomorskiechoszczeńskiRecz
5%
lubelskiechełmskiRejowiec Fabryczny
5%
lubelskiechełmskiRejowiec Fabryczny
5%
zachodniopomorskiełobeskiResko
5%
małopolskiegorlickiRopa
5%
dolnośląskielubińskiRudna
5%
wielkopolskieleszczyńskiRydzyna
5%
warmińsko-mazurskiebartoszyckiSępopol
5%
świętokrzyskiekazimierskiSkalbmierz
5%
pomorskiestarogardzkiSkórcz
5%
pomorskiestarogardzkiSkórcz
5%
wielkopolskiekonińskiŚlesin
5%
mazowieckiepłockiSłupno
5%
wielkopolskiekościańskiŚmigiel
5%
śląskiegliwickiSośnicowice
5%
dolnośląskiekarkonoski[a]Stara Kamienica
5%
wielkopolskiekonińskiStare Miasto
5%
wielkopolskiepoznańskiStęszew
5%
podlaskiesokólskiSuchowola
5%
łódzkiepajęczańskiSulmierzyce
5%
wielkopolskiekrotoszyńskiSulmierzyce
5%
małopolskiekrakowskiŚwiątniki Górne
5%
śląskierybnickiŚwierklany
5%
małopolskienowotarskiSzaflary
5%
pomorskiewejherowskiSzemud
5%
podlaskiewysokomazowieckiSzepietowo
5%
wielkopolskiepilskiSzydłowo
5%
mazowieckiemławskiSzydłowo
5%
mazowieckiesochaczewskiTeresin
5%
lubuskiesulęcińskiTorzym
5%
śląskiegliwickiToszek
5%
małopolskiebocheńskiTrzciana
5%
zachodniopomorskiewałeckiTuczno
5%
podkarpackierzeszowskiTyczyn
5%
podkarpackieniżańskiUlanów
5%
mazowieckieotwockiWiązowna
5%
kujawsko-pomorskiesępoleńskiWięcbork
5%
podkarpackielubaczowskiWielkie Oczy
5%
małopolskiewadowickiWieprz
5%
podkarpackiestrzyżowskiWiśniowa
5%
małopolskiemyślenickiWiśniowa
5%
lubuskiegorzowskiWitnica
5%
podlaskiełomżyńskiWizna
5%
śląskiebędzińskiWojkowice
5%
małopolskietarnowskiWojnicz
5%
świętokrzyskiekieleckiZagnańsk
5%
wielkopolskiesłupeckiZagórów
5%
małopolskietarnowskiZakliczyn
5%
podkarpackiestalowowolskiZaklików
5%
mazowieckienowodworskiZakroczym
5%
warmińsko-mazurskieiławskiZalewo
5%
dolnośląskieświdnickiŻarów
5%
śląskiecieszyńskiZebrzydowice
5%
łódzkiebełchatowskiZelów
5%
dolnośląskieząbkowickiZiębice
5%
podkarpackieprzemyskiŻurawica
5%
łódzkiekutnowskiŻychlin
5%
łódzkiełódzki wschodniAndrespol
4%
opolskiegłubczyckiBaborów
4%
świętokrzyskiekieleckiBieliny
4%
podkarpackieprzemyskiBircza
4%
lubelskiebiłgorajskiBiszcza
4%
podkarpackierzeszowskiBłażowa
4%
mazowieckiegrójeckiBłędów
4%
małopolskiegorlickiBobowa
4%
podlaskiebielskiBoćki
4%
dolnośląskiewałbrzyskiBoguszów-Gorce
4%
wielkopolskierawickiBojanowo
4%
wielkopolskiegostyńskiBorek Wielkopolski
4%
lubelskieradzyńskiBorki
4%
małopolskiebrzeskiBorzęcin
4%
wielkopolskiekępińskiBralin
4%
śląskiecieszyńskiBrenna
4%
zachodniopomorskieświdwińskiBrzeżno
4%
podkarpackiedębickiBrzostek
4%
pomorskiegdańskiCedry Wielkie
4%
mazowieckiemińskiCegłów
4%
małopolskienowosądeckiChełmiec
4%
dolnośląskiepolkowickiChocianów
4%
pomorskiewejherowskiChoczewo
4%
lubuskiesłubickiCybinka
4%
świętokrzyskiekazimierskiCzarnocin
4%
łódzkiepiotrkowskiCzarnocin
4%
podkarpackiemieleckiCzermin
4%
wielkopolskiepleszewskiCzermin
4%
dolnośląskiewrocławskiCzernica
4%
wielkopolskiegnieźnieńskiCzerniejewo
4%
lubuskiezielonogórskiCzerwieńsk
4%
mazowieckiepłońskiCzerwińsk nad Wisłą
4%
mazowieckienowodworskiCzosnów
4%
podkarpackiestrzyżowskiCzudec
4%
śląskieczęstochowskiDąbrowa Zielona
4%
zachodniopomorskiepolickiDobra (Szczecińska)
4%
opolskieoleskiDobrodzień
4%
wielkopolskiepleszewskiDobrzyca
4%
kujawsko-pomorskielipnowskiDobrzyń nad Wisłą
4%
lubelskiehrubieszowskiDołhobyczów
4%
wielkopolskieśremskiDolsk
4%
podkarpackiebrzozowskiDomaradz
4%
zachodniopomorskiechoszczeńskiDrawno
4%
mazowieckiepłockiDrobin
4%
łódzkieopoczyńskiDrzewica
4%
podlaskiehajnowskiDubicze Cerkiewne
4%
podkarpackieprzemyskiDubiecko
4%
świętokrzyskiesandomierskiDwikozy
4%
świętokrzyskiepińczowskiDziałoszyce
4%
pomorskiesztumskiDzierzgoń
4%
świętokrzyskiekoneckiFałków
4%
podkarpackiestrzyżowskiFrysztak
4%
podkarpackieprzeworskiGać
4%
lubelskielubelskiGarbów
4%
lubelskielubelskiGłusk
4%
dolnośląskiewałbrzyskiGłuszyca
4%
pomorskiewejherowskiGniewino
4%
małopolskiebrzeskiGnojnik
4%
świętokrzyskiebuskiGnojno
4%
wielkopolskiewągrowieckiGołańcz
4%
wielkopolskiekonińskiGolina
4%
łódzkiełęczyckiGóra Świętej Małgorzaty
4%
wielkopolskieostrzeszowskiGrabów nad Prosną
4%
dolnośląskiebolesławieckiGromadka
4%
śląskiecieszyńskiHażlach
4%
śląskielublinieckiHerby
4%
małopolskiekrakowskiIgołomia-Wawrzeńczyce
4%
zachodniopomorskiestargardzkiIńsko
4%
świętokrzyskieopatowskiIwaniska
4%
małopolskiekrakowskiIwanowice
4%
kujawsko-pomorskiewłocławskiIzbica Kujawska
4%
mazowieckiewołomińskiJadów
4%
mazowieckiemińskiJakubów
4%
podkarpackieprzeworskiJawornik Polski
4%
dolnośląskieświdnickiJaworzyna Śląska
4%
podkarpackiekrośnieńskiJedlicze
4%
dolnośląskiewałbrzyskiJedlina-Zdrój
4%
mazowieckieradomskiJedlnia-Letnisko
4%
mazowieckieprzasnyskiJednorożec
4%
dolnośląskiekarkonoski[a]Jeżów Sudecki
4%
dolnośląskiewrocławskiJordanów Śląski
4%
wielkopolskiepilskiKaczory
4%
mazowieckieostrołęckiKadzidło
4%
śląskietarnogórskiKalety
4%
lubuskiezielonogórskiKargowa
4%
wielkopolskieszamotulskiKaźmierz
4%
pomorskiesłupskiKępice
4%
warmińsko-mazurskieiławskiKisielice
4%
wielkopolskiegnieźnieńskiKłecko
4%
wielkopolskiepoznańskiKleszczewo
4%
pomorskiesłupskiKobylnica
4%
małopolskiekrakowskiKocmyrzów-Luborzyca
4%
mazowieckieotwockiKołbiel
4%
pomorskiegdańskiKolbudy
4%
łódzkiewieluńskiKonopnica
4%
lubelskielubelskiKonopnica
4%
lubelskiepuławskiKońskowola
4%
opolskienyskiKorfantów
4%
warmińsko-mazurskiekętrzyńskiKorsze
4%
dolnośląskieśredzkiKostomłoty
4%
kujawsko-pomorskiegolubsko-dobrzyńskiKowalewo Pomorskie
4%
wielkopolskiekaliskiKoźminek
4%
wielkopolskiekonińskiKramsk
4%
podkarpackieprzemyskiKrasiczyn
4%
świętokrzyskiewłoszczowskiKrasocin
4%
podkarpackiejasielskiKrempna
4%
wielkopolskiegostyńskiKrobia
4%
śląskiekłobuckiKrzepice
4%
wielkopolskiekościańskiKrzywiń
4%
łódzkiekutnowskiKrzyżanów
4%
lubelskiebiłgorajskiKsiężpol
4%
kujawsko-pomorskiegrudziądzkiŁasin
4%
mazowieckiegarwolińskiŁaskarzew
4%
mazowieckiegarwolińskiŁaskarzew
4%
podkarpackiejarosławskiLaszki
4%
mazowieckiemińskiLatowicz
4%
pomorskiewejherowskiŁęczyce
4%
opolskiestrzeleckiLeśnica
4%
łódzkieskierniewickiLipce Reymontowskie
4%
zachodniopomorskiepyrzyckiLipiany
4%
wielkopolskiezłotowskiLipka
4%
małopolskietarnowskiLisia Góra
4%
mazowieckiewęgrowskiLiw
4%
wielkopolskiepilskiŁobżenica
4%
świętokrzyskiesandomierskiŁoniów
4%
łódzkiewieruszowskiŁubnice
4%
świętokrzyskiestaszowskiŁubnice
4%
dolnośląskielwóweckiLubomierz
4%
wielkopolskiegnieźnieńskiŁubowo
4%
lubuskieżarskiLubsko
4%
lubelskietomaszowskiLubycza Królewska
4%
łódzkiepabianickiLutomiersk
4%
pomorskiewejherowskiLuzino
4%
zachodniopomorskiegoleniowskiMaszewo
4%
lubuskiekrośnieńskiMaszewo
4%
wielkopolskiepilskiMiasteczko Krajeńskie
4%
lubelskielubartowskiMichów
4%
śląskiepszczyńskiMiedźna
4%
mazowieckiewęgrowskiMiedzna
4%
dolnośląskieoleśnickiMiędzybórz
4%
podkarpackiekrośnieńskiMiejsce Piastowe
4%
wielkopolskierawickiMiejska Górka
4%
dolnośląskieśredzkiMiękinia
4%
podlaskiesiemiatyckiMielnik
4%
zachodniopomorskiegryfińskiMieszkowice
4%
wielkopolskieostrzeszowskiMikstat
4%
dolnośląskielwóweckiMirsk
4%
warmińsko-mazurskieelbląskiMłynary
4%
łódzkieopoczyńskiMniszków
4%
lubelskiejanowskiModliborzyce
4%
łódzkiepiotrkowskiMoszczenica
4%
małopolskiegorlickiMoszczenica
4%
kujawsko-pomorskienakielskiMrocza
4%
śląskieczęstochowskiMstów
4%
świętokrzyskiejędrzejowskiNagłowice
4%
lubelskielubelskiNiedrzwica Duża
4%
wielkopolskieśredzkiNowe Miasto nad Wartą
4%
świętokrzyskiekieleckiNowiny[b]
4%
lubelskieryckiNowodwór
4%
świętokrzyskiebuskiNowy Korczyn
4%
pomorskiemalborskiNowy Staw
4%
podlaskiesiemiatyckiNurzec-Stacja
4%
świętokrzyskiesandomierskiObrazów
4%
wielkopolskieszamotulskiObrzycko
4%
wielkopolskieszamotulskiObrzycko
4%
wielkopolskieostrowskiOdolanów
4%
świętokrzyskiejędrzejowskiOksa
4%
podkarpackielubaczowskiOleszyce
4%
podlaskiebielskiOrla
4%
podkarpackieprzemyskiOrły
4%
wielkopolskieleszczyńskiOsieczna
4%
pomorskiestarogardzkiOsieczna
4%
wielkopolskiesłupeckiOstrowite
4%
lubuskienowosolskiOtyń
4%
kujawsko-pomorskieinowrocławskiPakość
4%
wielkopolskierawickiPakosław
4%
dolnośląskiekarkonoski[a]Piechowice
4%
warmińsko-mazurskiemrągowskiPiecki
4%
dolnośląskiezgorzeleckiPieńsk
4%
świętokrzyskiekieleckiPierzchnica
4%
dolnośląskiedzierżoniowskiPieszyce
4%
dolnośląskiedzierżoniowskiPiława Górna
4%
mazowieckiełosickiPlaterów
4%
zachodniopomorskiekoszalińskiPolanów
4%
podlaskiebiałostockiPoświętne
4%
mazowieckiewołomińskiPoświętne
4%
łódzkieopoczyńskiPoświętne
4%
mazowieckiepiaseczyńskiPrażmów
4%
podkarpackiejarosławskiPruchnik
4%
podkarpackiemieleckiPrzecław
4%
śląskiewodzisławskiPszów
4%
kujawsko-pomorskiegrudziądzkiRadzyń Chełmiński
4%
śląskieżywieckiRajcza
4%
wielkopolskiegrodziskiRakoniewice
4%
kujawsko-pomorskierypińskiRogowo
4%
kujawsko-pomorskieżnińskiRogowo
4%
opolskieoleskiRudniki
4%
dolnośląskielegnickiRuja
4%
mazowieckiesochaczewskiRybno
4%
warmińsko-mazurskiedziałdowskiRybno
4%
wielkopolskiekonińskiRychwał
4%
wielkopolskieobornickiRyczywół
4%
małopolskietarnowskiRyglice
4%
małopolskienowosądeckiRytro
4%
świętokrzyskiewłoszczowskiSecemin
4%
wielkopolskiewolsztyńskiSiedlec
4%
mazowieckiemińskiSiennica
4%
pomorskiekartuskiSierakowice
4%
opolskiebrzeskiSkarbimierz
4%
pomorskiestarogardzkiSkarszewy
4%
świętokrzyskieskarżyskiSkarżysko Kościelne
4%
wielkopolskiewągrowieckiSkoki
4%
lubuskiemiędzyrzeckiSkwierzyna
4%
lubelskiebialskiSławatycze
4%
świętokrzyskiejędrzejowskiSobków
4%
łódzkiewieruszowskiSokolniki
4%
świętokrzyskiebuskiSolec-Zdrój
4%
wielkopolskiekonińskiSompolno
4%
małopolskiewadowickiSpytkowice
4%
małopolskienowotarskiSpytkowice
4%
lubelskiezamojskiStary Zamość
4%
warmińsko-mazurskieolsztyńskiStawiguda
4%
podlaskiekolneńskiStawiski
4%
zachodniopomorskiegoleniowskiStepnica
4%
świętokrzyskiebuskiStopnica
4%
świętokrzyskiekieleckiStrawczyn
4%
śląskiecieszyńskiStrumień
4%
wielkopolskiesłupeckiStrzałkowo
4%
pomorskiegdańskiSuchy Dąb
4%
małopolskiemyślenickiSułkowice
4%
podlaskiebiałostockiSuraż
4%
lubelskietomaszowskiSusiec
4%
śląskietarnogórskiŚwierklaniec
4%
wielkopolskiechodzieskiSzamocin
4%
dolnośląskiewałbrzyskiSzczawno-Zdrój
4%
małopolskiebrzeskiSzczurowa
4%
lubuskieżagańskiSzprotawa
4%
świętokrzyskieopatowskiTarłów
4%
podkarpackiejasielskiTarnowiec
4%
opolskieopolskiTarnów Opolski
4%
lubelskiebiłgorajskiTereszpol
4%
pomorskiegdańskiTrąbki Wielkie
4%
lubelskieświdnickiTrawniki
4%
lubuskiemiędzyrzeckiTrzciel
4%
podkarpackierzeszowskiTrzebownisko
4%
lubelskiebiłgorajskiTurobin
4%
dolnośląskieoleśnickiTwardogóra
4%
lubelskietomaszowskiTyszowce
4%
kujawsko-pomorskiechełmińskiUnisław
4%
lubelskiekraśnickiUrzędów
4%
małopolskiegorlickiUście Gorlickie
4%
podkarpackiemieleckiWadowice Górne
4%
dolnośląskiewałbrzyskiWalim
4%
kujawsko-pomorskieświeckiWarlubie
4%
dolnośląskiebolesławieckiWarta Bolesławiecka
4%
dolnośląskiezgorzeleckiWęgliniec
4%
pomorskielęborskiWicko
4%
mazowieckielegionowskiWieliszew
4%
mazowieckieprzysuskiWieniawa
4%
mazowieckieradomskiWierzbica
4%
lubelskiechełmskiWierzbica
4%
mazowieckiewęgrowskiWierzbno
4%
małopolskietarnowskiWierzchosławice
4%
świętokrzyskiesandomierskiWilczyce
4%
dolnośląskiewołowskiWińsko
4%
dolnośląskielwóweckiWleń
4%
świętokrzyskieopatowskiWojciechowice
4%
łódzkiepiotrkowskiWola Krzysztoporska
4%
lubelskiewłodawskiWola Uhruska
4%
opolskiekluczborskiWołczyn
4%
śląskiemikołowskiWyry
4%
mazowieckiebiałobrzeskiWyśmierzyce
4%
mazowieckiepłockiWyszogród
4%
mazowieckiegrodziskiŻabia Wola
4%
podlaskiebiałostockiZabłudów
4%
wielkopolskieśredzkiZaniemyśl
4%
podkarpackieprzeworskiZarzecze
4%
opolskiestrzeleckiZawadzkie
4%
opolskiekrapkowickiZdzieszowice
4%
wielkopolskiekaliskiŻelazków
4%
wielkopolskiejarocińskiŻerków
4%
kujawsko-pomorskietoruńskiZławieś Wielka
4%
łódzkiesieradzkiZłoczew
4%
świętokrzyskiepińczowskiZłota
4%
lubelskiekrasnostawskiŻółkiewka
4%
dolnośląskiewrocławskiŻórawina
4%
lubelskielubartowskiAbramów
3%
podkarpackieprzeworskiAdamówka
3%
mazowieckieostrowskiAndrzejewo
3%
świętokrzyskieopatowskiBaćkowice
3%
warmińsko-mazurskiegołdapskiBanie Mazurskie
3%
mazowieckieostrołęckiBaranowo
3%
zachodniopomorskieszczecineckiBarwice
3%
lubelskiejanowskiBatorz
3%
zachodniopomorskiekoszalińskiBędzino
3%
świętokrzyskiekazimierskiBejsce
3%
śląskiebielskiBestwina
3%
wielkopolskiepilskiBiałośliwie
3%
łódzkiełowickiBielawy
3%
zachodniopomorskiekoszalińskiBiesiekierz
3%
mazowieckieżuromińskiBieżuń
3%
świętokrzyskieskarżyskiBliżyn
3%
mazowieckiepłockiBodzanów
3%
świętokrzyskieostrowieckiBodzechów
3%
lubuskiegorzowskiBogdaniec
3%
świętokrzyskiestaszowskiBogoria
3%
podkarpackiemieleckiBorowa
3%
mazowieckiewyszkowskiBrańszczyk
3%
łódzkiełódzki wschodniBrójce
3%
zachodniopomorskiegryfickiBrojce
3%
lubuskieżagańskiBrzeźnica
3%
małopolskiewadowickiBrzeźnica
3%
kujawsko-pomorskieświeckiBukowiec
3%
podkarpackiesanockiBukowsko
3%
małopolskiemiechowskiCharsznica
3%
mazowieckieszydłowieckiChlewiska
3%
podkarpackiejarosławskiChłopice
3%
zachodniopomorskiestargardzkiChociwel
3%
lubelskieopolskiChodel
3%
mazowieckiegrójeckiChynów
3%
mazowieckielipskiCiepielów
3%
dolnośląskieząbkowickiCiepłowody
3%
dolnośląskiemilickiCieszków
3%
opolskiekędzierzyńsko-kozielskiCisek
3%
podkarpackiekolbuszowskiCmolas
3%
pomorskiebytowskiCzarna Dąbrówka
3%
mazowieckiemakowskiCzerwonka
3%
kujawsko-pomorskiebydgoskiDąbrowa Chełmińska
3%
wielkopolskiewągrowieckiDamasławek
3%
lubelskieparczewskiDębowa Kłoda
3%
śląskiecieszyńskiDębowiec
3%
podkarpackiejasielskiDębowiec
3%
lubuskiegorzowskiDeszczno
3%
mazowieckiewyszkowskiDługosiodło
3%
łódzkiepabianickiDobroń
3%
dolnośląskieoleśnickiDobroszyce
3%
małopolskiebocheńskiDrwinia
3%
podkarpackiebrzozowskiDydnia
3%
dolnośląskieoleśnickiDziadowa Kłoda
3%
lubelskiejanowskiDzwola
3%
kujawsko-pomorskiewłocławskiFabianki
3%
lubelskiekrasnostawskiFajsławice
3%
podlaskiesuwalskiFilipów
3%
podkarpackieprzemyskiFredropol
3%
mazowieckiekozienickiGarbatka-Letnisko
3%
kujawsko-pomorskieżnińskiGąsawa
3%
podlaskiesejneńskiGiby
3%
łódzkieradomszczańskiGidle
3%
śląskiegliwickiGierałtowice
3%
wielkopolskiepleszewskiGizałki
3%
mazowieckiekozienickiGłowaczów
3%
łódzkieskierniewickiGłuchów
3%
śląskiewodzisławskiGodów
3%
lubelskiejanowskiGodziszów
3%
małopolskiemiechowskiGołcza
3%
zachodniopomorskiekamieńskiGolczewo
3%
śląskiecieszyńskiGoleszów
3%
wielkopolskiepleszewskiGołuchów
3%
lubelskiekrasnostawskiGorzków
3%
lubelskiekraśnickiGościeradów
3%
zachodniopomorskiekołobrzeskiGościno
3%
świętokrzyskiekoneckiGowarczów
3%
mazowieckiekozienickiGrabów nad Pilicą
3%
wielkopolskiegrodziskiGranowo
3%
małopolskiedąbrowskiGręboszów
3%
podkarpackietarnobrzeskiGrębów
3%
małopolskienowosądeckiGródek nad Dunajcem
3%
wielkopolskiekonińskiGrodziec
3%
podkarpackieleżajskiGrodzisko Dolne
3%
małopolskietarnowskiGromnik
3%
warmińsko-mazurskieelbląskiGronowo Elbląskie
3%
mazowieckiepułtuskiGzy
3%
podkarpackiebrzozowskiHaczów
3%
lubelskiewłodawskiHanna
3%
lubelskiewłodawskiHańsk
3%
podkarpackieniżańskiHarasiuki
3%
mazowieckiełosickiHuszlew
3%
podkarpackierzeszowskiHyżne
3%
świętokrzyskiejędrzejowskiImielno
3%
łódzkietomaszowskiInowłódz
3%
śląskiezawierciańskiIrządze
3%
małopolskiebrzeskiIwkowa
3%
mazowieckiegrodziskiJaktorów
3%
dolnośląskiekarkonoski[a]Janowice Wielkie
3%
wielkopolskiejarocińskiJaraczewo
3%
podkarpackiebrzozowskiJasienica Rosielna
3%
mazowieckiegrójeckiJasieniec
3%
podkarpackiekrośnieńskiJaśliska
3%
lubelskielubelskiJastków
3%
śląskiebielskiJaworze
3%
mazowieckieradomskiJedlińsk
3%
warmińsko-mazurskieszczycieńskiJedwabno
3%
śląskierybnickiJejkowice
3%
śląskieżywieckiJeleśnia
3%
dolnośląskiegłogowskiJerzmanowa
3%
małopolskiekrakowskiJerzmanowice-Przeginia
3%
podkarpackieniżańskiJeżowe
3%
podkarpackiedębickiJodłowa
3%
warmińsko-mazurskieolsztyńskiJonkowo
3%
podlaskiebiałostockiJuchnowiec Kościelny
3%
wielkopolskierawickiJutrosin
3%
lubelskieradzyńskiKąkolewnica
3%
pomorskiestarogardzkiKaliska
3%
śląskieczęstochowskiKamienica Polska
3%
małopolskienowosądeckiKamionka Wielka
3%
lubelskieopolskiKarczmiska
3%
wielkopolskiekonińskiKazimierz Biskupi
3%
warmińsko-mazurskielidzbarskiKiwity
3%
lubelskieryckiKłoczew
3%
świętokrzyskiewłoszczowskiKluczewsko
3%
mazowieckieprzysuskiKlwów
3%
śląskiepszczyńskiKobiór
3%
wielkopolskieostrzeszowskiKobyla Góra
3%
lubelskiebialskiKodeń
3%
podkarpackiejasielskiKołaczyce
3%
opolskiestrzeleckiKolonowskie
3%
lubelskieradzyńskiKomarówka Podlaska
3%
małopolskieproszowickiKoniusza
3%
śląskieczęstochowskiKonopiska
3%
małopolskienowosądeckiKorzenna
3%
śląskielublinieckiKoszęcin
3%
mazowieckiesiedleckiKotuń
3%
mazowieckieradomskiKowala
3%
lubuskienowosolskiKożuchów
3%
podkarpackiekrośnieńskiKrościenko Wyżne
3%
dolnośląskiemilickiKrośnice
3%
dolnośląskielegnickiKrotoszyce
3%
śląskieraciborskiKrzanowice
3%
lubelskielubelskiKrzczonów
3%
lubelskiełukowskiKrzywda
3%
kujawsko-pomorskiewąbrzeskiKsiążki
3%
podkarpackieleżajskiKuryłówka
3%
wielkopolskiemiędzychodzkiKwilcz
3%
kujawsko-pomorskieżnińskiŁabiszyn
3%
małopolskienowosądeckiŁabowa
3%
małopolskiebocheńskiŁapanów
3%
małopolskienowotarskiŁapsze Niżne
3%
małopolskielimanowskiLaskowa
3%
lubelskietomaszowskiŁaszczów
3%
lubuskieżarskiŁęknica
3%
mazowieckieostrołęckiLelis
3%
lubelskiebialskiLeśna Podlaska
3%
pomorskiewejherowskiLinia
3%
małopolskienowotarskiLipnica Wielka
3%
śląskieżywieckiLipowa
3%
małopolskienowosądeckiŁososina Dolna
3%
wielkopolskieczarnkowsko-trzcianeckiLubasz
3%
podkarpackierzeszowskiLubenia
3%
kujawsko-pomorskiewłocławskiLubień Kujawski
3%
mazowieckieżuromińskiLubowidz
3%
kujawsko-pomorskiewłocławskiLubraniec
3%
lubuskieświebodzińskiLubrza
3%
opolskieprudnickiLubrza
3%
lubelskiełęczyńskiLudwin
3%
lubelskiebiłgorajskiŁukowa
3%
mazowieckieostrołęckiŁyse
3%
mazowieckiekozienickiMagnuszew
3%
podkarpackiekolbuszowskiMajdan Królewski
3%
warmińsko-mazurskieostródzkiMałdyty
3%
zachodniopomorskiesławieńskiMalechowo
3%
mazowieckieostrowskiMałkinia Górna
3%
podlaskiekolneńskiMały Płock
3%
podkarpackiełańcuckiMarkowa
3%
lubelskiepuławskiMarkuszów
3%
lubelskieświdnickiMełgiew
3%
podlaskiełomżyńskiMiastkowo
3%
śląskiekłobuckiMiedźno
3%
dolnośląskiewałbrzyskiMieroszów
3%
śląskiebędzińskiMierzęcice
3%
wielkopolskiewągrowieckiMieścisko
3%
dolnośląskiewrocławskiMietków
3%
pomorskiesztumskiMikołajki Pomorskie
3%
warmińsko-mazurskieostródzkiMiłakowo
3%
lubelskiełęczyńskiMilejów
3%
świętokrzyskiestarachowickiMirzec
3%
zachodniopomorskiegryfińskiMoryń
3%
pomorskietczewskiMorzeszczyn
3%
świętokrzyskiewłoszczowskiMoskorzew
3%
śląskieczęstochowskiMykanów
3%
śląskieraciborskiNędza
3%
łódzkiełowickiNieborów
3%
podkarpackiestrzyżowskiNiebylec
3%
lubelskielubartowskiNiedźwiada
3%
śląskiemyszkowskiNiegowa
3%
kujawsko-pomorskiealeksandrowskiNieszawa
3%
pomorskiekościerskiNowa Karczma
3%
pomorskielęborskiNowa Wieś Lęborska
3%
kujawsko-pomorskiebydgoskiNowa Wieś Wielka
3%
lubuskiezielonogórskiNowogród Bobrzański
3%
podkarpackiebrzozowskiNozdrzec
3%
lubelskiebiłgorajskiObsza
3%
małopolskienowotarskiOchotnica Dolna
3%
podkarpackieleskiOlszanica
3%
mazowieckiełosickiOlszanka
3%
opolskiebrzeskiOlszanka
3%
wielkopolskiesłupeckiOrchowo
3%
śląskiemikołowskiOrnontowice
3%
mazowieckieszydłowieckiOrońsko
3%
dolnośląskiebolesławieckiOsiecznica
3%
podkarpackiejasielskiOsiek Jasielski
3%
zachodniopomorskiegoleniowskiOsina
3%
pomorskienowodworskiOstaszewo
3%
wielkopolskieszamotulskiOstroróg
3%
śląskietarnogórskiOżarowice
3%
podkarpackiemieleckiPadew Narodowa
3%
opolskienyskiPakosławice
3%
małopolskieproszowickiPałecznica
3%
łódzkieopoczyńskiParadyż
3%
mazowieckiegarwolińskiParysów
3%
opolskiekędzierzyńsko-kozielskiPawłowiczki
3%
dolnośląskiezłotoryjskiPielgrzymka
3%
śląskiegliwickiPilchowice
3%
lubelskiebialskiPiszczac
3%
małopolskietarnowskiPleśna
3%
śląskieczęstochowskiPoczesna
3%
małopolskienowosądeckiPodegrodzie
3%
wielkopolskiegostyńskiPogorzela
3%
opolskienamysłowskiPokój
3%
wielkopolskieczarnkowsko-trzcianeckiPołajewo
3%
mazowieckienowodworskiPomiechówek
3%
wielkopolskiegostyńskiPoniec
3%
śląskiekłobuckiPopów
3%
śląskiebielskiPorąbka
3%
lubelskiejanowskiPotok Wielki
3%
mazowieckieprzysuskiPotworów
3%
mazowieckiebiałobrzeskiPromna
3%
warmińsko-mazurskieełckiProstki
3%
dolnośląskietrzebnickiPrusice
3%
wielkopolskiewolsztyńskiPrzemęt
3%
pomorskiekartuskiPrzodkowo
3%
mazowieckieradomskiPrzytyk
3%
pomorskiegdańskiPrzywidz
3%
lubelskiełęczyńskiPuchaczów
3%
podkarpackiestalowowolskiPysznica
3%
małopolskiedąbrowskiRadgoszcz
3%
podkarpackiestalowowolskiRadomyśl nad Sanem
3%
mazowieckiemławskiRadzanów
3%
mazowieckiebiałobrzeskiRadzanów
3%
małopolskieproszowickiRadziemice
3%
podkarpackiełańcuckiRakszawa
3%
podkarpackiekolbuszowskiRaniżów
3%
wielkopolskieostrowskiRaszków
3%
śląskieczęstochowskiRędziny
3%
opolskiekędzierzyńsko-kozielskiReńska Wieś
3%
lubelskiebialskiRokitno
3%
lubelskiebialskiRossosz
3%
warmińsko-mazurskieszczycieńskiRozogi
3%
łódzkiepiotrkowskiRozprza
3%
lubelskiechełmskiRuda-Huta
3%
świętokrzyskiekoneckiRuda Maleniecka
3%
śląskiegliwickiRudziniec
3%
lubelskieświdnickiRybczewice
3%
świętokrzyskiestaszowskiRytwiany
3%
małopolskiebocheńskiRzezawa
3%
świętokrzyskieopatowskiSadowie
3%
mazowieckiewęgrowskiSadowne
3%
świętokrzyskiesandomierskiSamborzec
3%
mazowieckiegostynińskiSanniki
3%
lubuskiegorzowskiSantok
3%
mazowieckiełosickiSarnaki
3%
lubelskiechełmskiSawin
3%
lubelskielubartowskiSerniki
3%
lubelskiełukowskiSerokomla
3%
mazowieckiekozienickiSieciechów
3%
lubelskiechełmskiSiedliszcze
3%
lubelskiekrasnostawskiSiennica Różana
3%
mazowieckielipskiSienno
3%
małopolskiemyślenickiSiepraw
3%
kujawsko-pomorskielipnowskiSkępe
3%
lubelskiezamojskiSkierbieszów
3%
podkarpackiejasielskiSkołyszyn
3%
małopolskiemiechowskiSłaboszów
3%
zachodniopomorskieświdwińskiSławoborze
3%
lubuskiesulęcińskiSłońsk
3%
świętokrzyskiekoneckiSłupia Konecka
3%
pomorskiestarogardzkiSmętowo Graniczne
3%
świętokrzyskiekoneckiSmyków
3%
podlaskiełomżyńskiŚniadowo
3%
mazowieckieotwockiSobienie-Jeziory
3%
mazowieckiegarwolińskiSobolew
3%
podlaskiewysokomazowieckiSokoły
3%
wielkopolskieostrowskiSośnie
3%
lubelskieparczewskiSosnowica
3%
lubuskiestrzelecko-drezdeneckiStare Kurowo
3%
pomorskiemalborskiStare Pole
3%
podkarpackielubaczowskiStary Dzików
3%
wielkopolskiekaliskiStawiszyn
3%
mazowieckiebiałobrzeskiStromiec
3%
łódzkiepajęczańskiStrzelce Wielkie
3%
lubelskielubelskiStrzyżewice
3%
podkarpackieprzemyskiStubno
3%
zachodniopomorskiestargardzkiSuchań
3%
małopolskiekrakowskiSułoszowa
3%
śląskiepszczyńskiSuszec
3%
dolnośląskiezłotoryjskiŚwierzawa
3%
warmińsko-mazurskieoleckiŚwiętajno
3%
warmińsko-mazurskieszczycieńskiŚwiętajno
3%
podkarpackierzeszowskiŚwilcza
3%
śląskieżywieckiŚwinna
3%
łódzkiezduńskowolskiSzadek
3%
lubelskiekraśnickiSzastarka
3%
łódzkiebełchatowskiSzczerców
3%
podlaskiesuwalskiSzypliszki
3%
lubelskietomaszowskiTarnawatka
3%
mazowieckiezwoleńskiTczów
3%
lubelskietomaszowskiTelatyn
3%
małopolskiemyślenickiTokarnia
3%
mazowieckiegarwolińskiTrojanów
3%
podkarpackieprzeworskiTryńcza
3%
zachodniopomorskiegryfińskiTrzcińsko-Zdrój
3%
lubuskieżarskiTrzebiel
3%
małopolskieolkuskiTrzyciąż
3%
lubelskiekraśnickiTrzydnik Duży
3%
świętokrzyskiebuskiTuczępy
3%
lubelskiebialskiTuczna
3%
wielkopolskietureckiTuliszków
3%
opolskieopolskiTułowice
3%
opolskieopolskiTurawa
3%
podkarpackiemieleckiTuszów Narodowy
3%
śląskietarnogórskiTworóg
3%
zachodniopomorskiebiałogardzkiTychowo
3%
podkarpackiesanockiTyrawa Wołoska
3%
lubelskiehrubieszowskiUchanie
3%
dolnośląskieśredzkiUdanin
3%
śląskieżywieckiUjsoły
3%
lubelskieradzyńskiUlan-Majorat
3%
lubelskieryckiUłęż
3%
lubelskietomaszowskiUlhówek
3%
lubelskiewłodawskiUrszulin
3%
wielkopolskiewągrowieckiWapno
3%
świętokrzyskieostrowieckiWaśniów
3%
lubelskiepuławskiWąwolnica
3%
zachodniopomorskiełobeskiWęgorzyno
3%
lubelskiehrubieszowskiWerbkowice
3%
podkarpackiejarosławskiWiązownica
3%
łódzkiełaskiWidawa
3%
wielkopolskiegrodziskiWielichowo
3%
warmińsko-mazurskieoleckiWieliczki
3%
podkarpackieropczycko-sędziszowskiWielopole Skrzyńskie
3%
śląskiegliwickiWielowieś
3%
małopolskietarnowskiWietrzychowice
3%
wielkopolskieleszczyńskiWijewo
3%
mazowieckiegarwolińskiWilga
3%
lubelskiekraśnickiWilkołaz
3%
śląskiebielskiWilkowice
3%
mazowieckiepułtuskiWinnica
3%
mazowieckiesiedleckiWiśniew
3%
podlaskiesuwalskiWiżajny
3%
wielkopolskieleszczyńskiWłoszakowice
3%
lubelskieradzyńskiWohyń
3%
dolnośląskiezłotoryjskiWojcieszów
3%
łódzkiepiotrkowskiWolbórz
3%
śląskielublinieckiWoźniki
3%
wielkopolskiezłotowskiZakrzewo
3%
kujawsko-pomorskiealeksandrowskiZakrzewo
3%
lubelskiekraśnickiZakrzówek
3%
podkarpackiesanockiZarszyn
3%
dolnośląskiezgorzeleckiZawidów
3%
pomorskiestarogardzkiZblewo
3%
śląskietarnogórskiZbrosławice
3%
małopolskiebocheńskiŻegocina
3%
kujawsko-pomorskieinowrocławskiZłotniki Kujawskie
3%
podkarpackiełańcuckiŻołynia
3%
podkarpackiedębickiŻyraków
3%
lubelskiepuławskiŻyrzyn
3%
łódzkieradomszczańskiŻytno
3%
wielkopolskiekolskiBabiak
2%
mazowieckiepłońskiBaboszewo
2%
warmińsko-mazurskiekętrzyńskiBarciany
2%
podlaskieaugustowskiBargłów Kościelny
2%
mazowieckiegrójeckiBelsk Duży
2%
łódzkieopoczyńskiBiałaczów
2%
lubelskiechełmskiBiałopole
2%
zachodniopomorskiepyrzyckiBielice
2%
opolskiekędzierzyńsko-kozielskiBierawa
2%
wielkopolskiekaliskiBlizanów
2%
lubuskiekrośnieńskiBobrowice
2%
kujawsko-pomorskiebrodnickiBobrowo
2%
mazowieckieostrowskiBoguty-Pianki
2%
śląskiebieruńsko-lędzińskiBojszowy
2%
zachodniopomorskiemyśliborskiBoleszkowice
2%
mazowieckieprzysuskiBorkowice
2%
śląskielublinieckiBoronów
2%
mazowieckiegarwolińskiBorowie
2%
lubelskielubelskiBorzechów
2%
pomorskiebytowskiBorzytuchom
2%
opolskiegłubczyckiBranice
2%
mazowieckiepłockiBrudzeń Duży
2%
podkarpackiejasielskiBrzyska
2%
łódzkiełaskiBuczek
2%
śląskiebielskiBuczkowice
2%
małopolskiesuskiBudzów
2%
łódzkiesieradzkiBurzenin
2%
małopolskiesuskiBystra-Sidzina
2%
kujawsko-pomorskieradziejowskiBytoń
2%
kujawsko-pomorskietucholskiCekcyn
2%
wielkopolskiekaliskiCeków-Kolonia
2%
mazowieckiesokołowskiCeranów
2%
pomorskielęborskiCewice
2%
pomorskiekartuskiChmielno
2%
kujawsko-pomorskiewłocławskiChoceń
2%
kujawsko-pomorskiewłocławskiChodecz
2%
wielkopolskiekolskiChodów
2%
podkarpackiekrośnieńskiChorkówka
2%
mazowieckielipskiChotcza
2%
opolskieopolskiChrząstowice
2%
wielkopolskiemiędzychodzkiChrzypsko Wielkie
2%
śląskiecieszyńskiChybie
2%
śląskielublinieckiCiasna
2%
łódzkierawskiCielądz
2%
mazowieckieostrołęckiCzarnia
2%
łódzkiewieluńskiCzarnożyły
2%
dolnośląskiewałbrzyskiCzarny Bór
2%
łódzkiewieruszowskiCzastary
2%
lubelskieradzyńskiCzemierniki
2%
łódzkietomaszowskiCzerniewice
2%
kujawsko-pomorskietoruńskiCzernikowo
2%
kujawsko-pomorskieinowrocławskiDąbrowa Biskupia
2%
łódzkiekutnowskiDąbrowice
2%
warmińsko-mazurskieostródzkiDąbrówno
2%
pomorskiesłupskiDamnica
2%
pomorskiesłupskiDębnica Kaszubska
2%
łódzkiepabianickiDłutów
2%
kujawsko-pomorskiebydgoskiDobrcz
2%
dolnośląskieświdnickiDobromierz
2%
łódzkieradomszczańskiDobryszyce
2%
zachodniopomorskiestargardzkiDobrzany
2%
opolskieopolskiDobrzeń Wielki
2%
zachodniopomorskiestargardzkiDolice
2%
łódzkiełowickiDomaniewice
2%
dolnośląskieoławskiDomaniów
2%
opolskienamysłowskiDomaszowice
2%
wielkopolskieśredzkiDominowo
2%
kujawsko-pomorskieświeckiDragacz
2%
lubelskiebialskiDrelów
2%
warmińsko-mazurskiegołdapskiDubeninki
2%
lubelskiechełmskiDubienka
2%
zachodniopomorskiekołobrzeskiDygowo
2%
pomorskiekościerskiDziemiany
2%
mazowieckiepłońskiDzierzążnia
2%
lubelskiekraśnickiDzierzkowice
2%
podkarpackiekolbuszowskiDzikowiec
2%
warmińsko-mazurskieszczycieńskiDźwierzuty
2%
łódzkiewieruszowskiGalewice
2%
pomorskiekwidzyńskiGardeja
2%
śląskierybnickiGaszowice
2%
podkarpackiemieleckiGawłuszowice
2%
dolnośląskiepolkowickiGaworzyce
2%
mazowieckieprzysuskiGielniów
2%
śląskieżywieckiGilowice
2%
pomorskiesłupskiGłówczyce
2%
mazowieckiekozienickiGniewoszów
2%
mazowieckieciechanowskiGołymin-Ośrodek
2%
łódzkieradomszczańskiGomunice
2%
lubuskiesłubickiGórzyca
2%
łódzkiesieradzkiGoszczanów
2%
mazowieckieostrołęckiGoworowo
2%
lubuskieżagańskiGozdnica
2%
lubelskiezamojskiGrabowiec
2%
podlaskiekolneńskiGrabowo
2%
mazowieckiewęgrowskiGrębków
2%
dolnośląskiepolkowickiGrębocice
2%
mazowieckieciechanowskiGrudusk
2%
wielkopolskiekolskiGrzegorzew
2%
zachodniopomorskieszczecineckiGrzmiąca
2%
warmińsko-mazurskiedziałdowskiIłowo-Osada
2%
podkarpackieropczycko-sędziszowskiIwierzyce
2%
opolskiestrzeleckiIzbicko
2%
mazowieckiesokołowskiJabłonna Lacka
2%
warmińsko-mazurskienidzickiJanowiec Kościelny
2%
podlaskiesuwalskiJeleniewo
2%
opolskiestrzeleckiJemielnica
2%
dolnośląskiegórowskiJemielno
2%
kujawsko-pomorskieświeckiJeżewo
2%
kujawsko-pomorskiemogileńskiJeziora Wielkie
2%
lubelskielubartowskiJeziorzany
2%
małopolskielimanowskiJodłownik
2%
warmińsko-mazurskieełckiKalinowo
2%
opolskienyskiKamiennik
2%
zachodniopomorskiegryfickiKarnice
2%
pomorskiekościerskiKarsin
2%
wielkopolskietureckiKawęczyn
2%
mazowieckiezwoleńskiKazanów
2%
łódzkiepajęczańskiKiełczygłów
2%
łódzkiełowickiKiernozia
2%
kujawsko-pomorskielipnowskiKikół
2%
wielkopolskiegnieźnieńskiKiszkowo
2%
mazowieckiewołomińskiKlembów
2%
śląskieczęstochowskiKłomnice
2%
łódzkiebełchatowskiKluki
2%
łódzkieradomszczańskiKobiele Wielkie
2%
zachodniopomorskiestargardzkiKobylanka
2%
śląskielublinieckiKochanowice
2%
łódzkieradomszczańskiKodrąb
2%
wielkopolskiewrzesińskiKołaczkowo
2%
pomorskiebytowskiKołczygłowy
2%
lubuskienowosolskiKolsko
2%
lubelskiezamojskiKomarów-Osada
2%
opolskieopolskiKomprachcice
2%
pomorskiechojnickiKonarzyny
2%
dolnośląskiestrzelińskiKondratowice
2%
podkarpackiekrośnieńskiKorczyna
2%
śląskieraciborskiKornowac
2%
podlaskiesokólskiKorycin
2%
mazowieckiewęgrowskiKorytnica
2%
wielkopolskiekolskiKościelec
2%
śląskieżywieckiKoszarawa
2%
dolnośląskiegłogowskiKotla
2%
warmińsko-mazurskieoleckiKowale Oleckie
2%
łódzkieskierniewickiKowiesy
2%
warmińsko-mazurskienidzickiKozłowo
2%
lubelskiekrasnostawskiKraśniczyn
2%
podlaskiesejneńskiKrasnopol
2%
mazowieckiemakowskiKrasnosielc
2%
śląskiezawierciańskiKroczyce
2%
warmińsko-mazurskiegiżyckiKruklanki
2%
śląskietarnogórskiKrupski Młyn
2%
śląskieczęstochowskiKruszyna
2%
wielkopolskieleszczyńskiKrzemieniewo
2%
wielkopolskieśredzkiKrzykosy
2%
podkarpackieprzemyskiKrzywcza
2%
śląskieraciborskiKrzyżanowice
2%
dolnośląskielegnickiKunice
2%
warmińsko-mazurskienowomiejskiKurzętnik
2%
wielkopolskienowotomyskiKuślin
2%
lubelskiezamojskiŁabunie
2%
łódzkieradomszczańskiŁadzice
2%
opolskienyskiŁambinowice
2%
opolskiekluczborskiLasowice Wielkie
2%
wielkopolskiekępińskiŁęka Opatowska
2%
śląskieżywieckiŁękawica
2%
warmińsko-mazurskiebraniewskiLelkowo
2%
mazowieckienowodworskiLeoncin
2%
łódzkieradomszczańskiLgota Wielka
2%
mazowieckiemławskiLipowiec Kościelny
2%
pomorskiekościerskiLipusz
2%
kujawsko-pomorskiechełmińskiLisewo
2%
śląskieżywieckiŁodygowice
2%
lubelskiebialskiŁomazy
2%
kujawsko-pomorskietoruńskiŁubianka
2%
pomorskiestarogardzkiLubichowo
2%
opolskieopolskiŁubniany
2%
lubuskiesulęcińskiLubniewice
2%
łódzkietomaszowskiLubochnia
2%
śląskiewodzisławskiLubomia
2%
warmińsko-mazurskielidzbarskiLubomino
2%
opolskiebrzeskiLubsza
2%
małopolskielimanowskiŁukowica
2%
warmińsko-mazurskieostródzkiŁukta
2%
małopolskiegorlickiŁużna
2%
śląskierybnickiLyski
2%
kujawsko-pomorskietoruńskiŁysomice
2%
łódzkiełowickiŁyszkowice
2%
dolnośląskieśredzkiMalczyce
2%
lubuskieżagańskiMałomice
2%
zachodniopomorskiekoszalińskiManowo
2%
dolnośląskieświdnickiMarcinowice
2%
dolnośląskiekamiennogórskiMarciszów
2%
śląskiewodzisławskiMarklowice
2%
łódzkieradomszczańskiMasłowice
2%
dolnośląskiejaworskiMęcinka
2%
małopolskiedąbrowskiMędrzechów
2%
lubelskiezamojskiMiączyn
2%
mazowieckiegarwolińskiMiastków Kościelny
2%
wielkopolskienowotomyskiMiedzichowo
2%
wielkopolskiegnieźnieńskiMieleszyn
2%
podlaskiesiemiatyckiMilejczyce
2%
warmińsko-mazurskiegiżyckiMiłki
2%
dolnośląskielegnickiMiłkowice
2%
lubelskiehrubieszowskiMircze
2%
mazowieckiesiedleckiMokobody
2%
łódzkiewieluńskiMokrsko
2%
dolnośląskiejaworskiMściwojów
2%
małopolskiewadowickiMucharz
2%
dolnośląskiekarkonoski[a]Mysłakowice
2%
małopolskienowosądeckiNawojowa
2%
wielkopolskiegnieźnieńskiNiechanowo
2%
dolnośląskiegórowskiNiechlów
2%
podkarpackiekolbuszowskiNiwiska
2%
podlaskieaugustowskiNowinka
2%
zachodniopomorskiemyśliborskiNowogródek Pomorski
2%
mazowieckiepłockiNowy Duninów
2%
łódzkieskierniewickiNowy Kawęczyn
2%
kujawsko-pomorskietoruńskiObrowo
2%
mazowieckieprzysuskiOdrzywół
2%
mazowieckieostrołęckiOlszewo-Borki
2%
wielkopolskiekolskiOlszówka
2%
mazowieckieciechanowskiOpinogóra Górna
2%
wielkopolskiekolskiOsiek Mały
2%
kujawsko-pomorskiebydgoskiOsielsko
2%
łódzkiewieluńskiOsjaków
2%
śląskiekłobuckiPanki
2%
kujawsko-pomorskiechełmińskiPapowo Biskupie
2%
łódzkiezgierskiParzęczew
2%
dolnośląskiejaworskiPaszowice
2%
łódzkiewieluńskiPątnów
2%
podkarpackiejarosławskiPawłosiów
2%
śląskielublinieckiPawonków
2%
dolnośląskiegłogowskiPęcław
2%
zachodniopomorskiechoszczeńskiPełczyce
2%
wielkopolskiegostyńskiPępowo
2%
podlaskiesiemiatyckiPerlejewo
2%
wielkopolskiekępińskiPerzów
2%
śląskieraciborskiPietrowice Wielkie
2%
podlaskieaugustowskiPłaska
2%
dolnośląskielubańskiPlaterówka
2%
lubelskieparczewskiPodedwórze
2%
dolnośląskiekarkonoski[a]Podgórzyn
2%
mazowieckiepułtuskiPokrzywnica
2%
mazowieckiezwoleńskiPoliczna
2%
opolskiekędzierzyńsko-kozielskiPolska Cerekiew
2%
opolskieopolskiPopielów
2%
pomorskiesłupskiPotęgowo
2%
pomorskieczłuchowskiPrzechlewo
2%
małopolskieoświęcimskiPrzeciszów
2%
wielkopolskiekolskiPrzedecz
2%
dolnośląskiestrzelińskiPrzeworno
2%
lubuskieżarskiPrzewóz
2%
zachodniopomorskiegoleniowskiPrzybiernów
2%
wielkopolskieostrowskiPrzygodzice
2%
mazowieckiezwoleńskiPrzyłęk
2%
śląskiekłobuckiPrzystajń
2%
lubuskiemiędzyrzeckiPszczew
2%
warmińsko-mazurskieolsztyńskiPurda
2%
mazowieckieżyrardowskiPuszcza Mariańska
2%
lubelskietomaszowskiRachanie
2%
małopolskiemyślenickiRaciechowice
2%
lubelskiezamojskiRadecznica
2%
dolnośląskiepolkowickiRadwanice
2%
śląskieżywieckiRadziechowy-Wieprz
2%
podlaskiegrajewskiRadziłów
2%
mazowieckieciechanowskiRegimin
2%
łódzkietomaszowskiRokiciny
2%
wielkopolskiekrotoszyńskiRozdrażew
2%
podkarpackiejarosławskiRoźwienica
2%
łódzkiebełchatowskiRusiec
2%
mazowieckieprzysuskiRusinów
2%
podlaskiesuwalskiRutka-Tartak
2%
podlaskiezambrowskiRutki
2%
wielkopolskiekępińskiRychtal
2%
kujawsko-pomorskiewąbrzeskiRyńsk
2%
łódzkiepajęczańskiRząśnia
2%
mazowieckiewyszkowskiRząśnik
2%
pomorskieczłuchowskiRzeczenica
2%
mazowieckielipskiRzeczniów
2%
łódzkietomaszowskiRzeczyca
2%
mazowieckieostrołęckiRzekuń
2%
małopolskietarnowskiRzepiennik Strzyżewski
2%
kujawsko-pomorskienakielskiSadki
2%
łódzkierawskiSadkowice
2%
łódzkiełaskiSędziejowice
2%
małopolskiegorlickiSękowa
2%
lubuskienowosolskiSiedlisko
2%
dolnośląskielubańskiSiekierczyn
2%
wielkopolskieostrowskiSieroszewice
2%
lubelskiezamojskiSitno
2%
łódzkiewieluńskiSkomlin
2%
opolskienyskiSkoroszyce
2%
mazowieckiesiedleckiSkórzec
2%
małopolskietarnowskiSkrzyszów
2%
wielkopolskiekonińskiSkulsk
2%
śląskieżywieckiŚlemień
2%
kujawsko-pomorskietucholskiŚliwice
2%
małopolskielimanowskiSłopnice
2%
pomorskiesłupskiSmołdzino
2%
mazowieckiepłońskiSochocin
2%
pomorskiekartuskiSomonino
2%
mazowieckieciechanowskiSońsk
2%
warmińsko-mazurskiemrągowskiSorkwity
2%
lubelskiebialskiSosnówka
2%
lubelskiełęczyńskiSpiczyn
2%
warmińsko-mazurskiekętrzyńskiSrokowo
2%
lubelskiełukowskiStanin
2%
mazowieckiebiałobrzeskiStara Błotnica
2%
pomorskiekościerskiStara Kiszewa
2%
mazowieckiełosickiStara Kornica
2%
śląskieczęstochowskiStarcza
2%
warmińsko-mazurskieełckiStare Juchy
2%
lubelskiewłodawskiStary Brus
2%
pomorskiesztumskiStary Dzierzgoń
2%
mazowieckieostrowskiStary Lubotyń
2%
mazowieckiesokołowskiSterdyń
2%
kujawsko-pomorskiechełmińskiStolno
2%
dolnośląskieząbkowickiStoszowice
2%
małopolskiesuskiStryszawa
2%
małopolskiewadowickiStryszów
2%
mazowieckiemławskiStrzegowo
2%
opolskiekrapkowickiStrzeleczki
2%
pomorskietczewskiSubkowy
2%
mazowieckiesiedleckiSuchożebry
2%
pomorskiekartuskiSulęczyno
2%
dolnośląskiezgorzeleckiSulików
2%
lubelskiezamojskiSułów
2%
warmińsko-mazurskieolsztyńskiŚwiątki
2%
wielkopolskieleszczyńskiŚwięciechowa
2%
kujawsko-pomorskiegrudziądzkiŚwiecie nad Osą
2%
mazowieckiepułtuskiŚwiercze
2%
zachodniopomorskiekamieńskiŚwierzno
2%
lubuskieświebodzińskiSzczaniec
2%
mazowieckiegostynińskiSzczawin Kościelny
2%
wielkopolskiekaliskiSzczytniki
2%
małopolskietarnowskiSzerzyny
2%
podlaskieaugustowskiSztabin
2%
mazowieckieostrowskiSzulborze Wielkie
2%
podlaskiezambrowskiSzumowo
2%
wielkopolskiezłotowskiTarnówka
2%
małopolskiewadowickiTomice
2%
mazowieckieostrołęckiTroszyn
2%
podlaskiemonieckiTrzcianne
2%
wielkopolskiekępińskiTrzcinica
2%
lubelskiełukowskiTrzebieszów
2%
pomorskiebytowskiTuchomie
2%
podlaskiekolneńskiTurośl
2%
podlaskiebiałostockiTurośń Kościelna
2%
lubelskielubartowskiUścimów
2%
dolnośląskiejaworskiWądroże Wielkie
2%
opolskiekrapkowickiWalce
2%
mazowieckieostrowskiWąsewo
2%
zachodniopomorskiegryfińskiWiduchowa
2%
mazowieckiemławskiWieczfnia Kościelna
2%
kujawsko-pomorskielipnowskiWielgie
2%
łódzkieradomszczańskiWielgomłyny
2%
zachodniopomorskiedrawskiWierzchowo
2%
warmińsko-mazurskiebraniewskiWilczęta
2%
wielkopolskiekonińskiWilczyn
2%
dolnośląskietrzebnickiWisznia Mała
2%
lubelskiebialskiWisznice
2%
śląskiezawierciańskiWłodowice
2%
mazowieckiesiedleckiWodynie
2%
podkarpackiekrośnieńskiWojaszówka
2%
lubelskiełukowskiWojcieszków
2%
lubelskiechełmskiWojsławice
2%
lubelskiełukowskiWola Mysłowska
2%
mazowieckieradomskiWolanów
2%
śląskiekłobuckiWręczyca Wielka
2%
warmińsko-mazurskiegiżyckiWydminy
2%
lubelskiewłodawskiWyryki
2%
lubuskiezielonogórskiZabór
2%
dolnośląskiezłotoryjskiZagrodno
2%
podkarpackiestalowowolskiZaleszany
2%
mazowieckiepłońskiZałuski
2%
mazowieckieostrowskiZaręby Kościelne
2%
podlaskiebiałostockiZawady
2%
mazowieckiesierpeckiZawidz
2%
dolnośląskietrzebnickiZawonia
2%
mazowieckiesiedleckiZbuczyn
2%
opolskieoleskiZębowice
2%
łódzkietomaszowskiŻelechlinek
2%
małopolskiesuskiZembrzyce
2%
lubelskiechełmskiŻmudź
2%
dolnośląskiegłogowskiŻukowice
2%
kujawsko-pomorskiealeksandrowskiBądkowo
1%
podlaskiesuwalskiBakałarzewo
1%
kujawsko-pomorskiebrodnickiBartniczka
1%
kujawsko-pomorskiewłocławskiBaruchowo
1%
łódzkietomaszowskiBędków
1%
łódzkiekutnowskiBedlno
1%
zachodniopomorskiechoszczeńskiBierzwnik
1%
lubuskiemiędzyrzeckiBledzew
1%
pomorskiestarogardzkiBobowo
1%
lubuskiezielonogórskiBojadła
1%
kujawsko-pomorskiewłocławskiBoniewo
1%
łódzkiesieradzkiBrąszewice
1%
mazowieckiesochaczewskiBrochów
1%
wielkopolskietureckiBrudzew
1%
łódzkiesieradzkiBrzeźnio
1%
kujawsko-pomorskiebrodnickiBrzozie
1%
kujawsko-pomorskierypińskiBrzuze
1%
warmińsko-mazurskiewęgorzewskiBudry
1%
łódzkietomaszowskiBudziszewice
1%
mazowieckiepłockiBulkowo
1%
lubuskiekrośnieńskiBytnica
1%
łódzkiełowickiChąśno
1%
kujawsko-pomorskielipnowskiChrostkowo
1%
wielkopolskieostrzeszowskiCzajków
1%
mazowieckieprzasnyskiCzernice Borowe
1%
łódzkiepoddębickiDalików
1%
łódzkiełęczyckiDaszyna
1%
kujawsko-pomorskiewąbrzeskiDębowa Łąka
1%
łódzkiebrzezińskiDmosin
1%
podlaskiebiałostockiDobrzyniewo Duże
1%
mazowieckiesiedleckiDomanice
1%
wielkopolskieostrzeszowskiDoruchów
1%
łódzkiebełchatowskiDrużbice
1%
kujawsko-pomorskieświeckiDrzycim
1%
podlaskiesiemiatyckiDziadkowice
1%
mazowieckiemławskiDzierzgowo
1%
warmińsko-mazurskieelbląskiGodkowo
1%
łódzkieskierniewickiGodzianów
1%
wielkopolskiekaliskiGodziesze Wielkie
1%
łódzkiepiotrkowskiGorzkowice
1%
kujawsko-pomorskietucholskiGostycyn
1%
mazowieckiegrójeckiGoszczyn
1%
mazowieckiesierpeckiGozdowo
1%
łódzkiepiotrkowskiGrabica
1%
warmińsko-mazurskienowomiejskiGrodziczno
1%
kujawsko-pomorskiegrudziądzkiGruta
1%
lubelskietomaszowskiJarczów
1%
podlaskiemonieckiJasionówka
1%
podlaskiemonieckiJaświły
1%
mazowieckiepłońskiJoniec
1%
mazowieckiemakowskiKarniewo
1%
kujawsko-pomorskietucholskiKęsowo
1%
kujawsko-pomorskiechełmińskiKijewo Królewskie
1%
łódzkiesieradzkiKlonowa
1%
podlaskiewysokomazowieckiKlukowo
1%
podlaskiewysokomazowieckiKobylin-Borzymy
1%
łódzkiełowickiKocierzew Południowy
1%
pomorskieczłuchowskiKoczała
1%
podlaskiezambrowskiKołaki Kościelne
1%
mazowieckiesiedleckiKorczew
1%
zachodniopomorskiepyrzyckiKozielice
1%
wielkopolskieostrzeszowskiKraszewice
1%
lubelskietomaszowskiKrynice
1%
podlaskiemonieckiKrypno
1%
zachodniopomorskiechoszczeńskiKrzęcin
1%
lubuskiesulęcińskiKrzeszyce
1%
wielkopolskiekonińskiKrzymów
1%
mazowieckieprzasnyskiKrzynowłoga Mała
1%
mazowieckieżuromińskiKuczbork-Osada
1%
podlaskiewysokomazowieckiKulesze Kościelne
1%
łódzkiekutnowskiŁanięta
1%
łódzkiepiotrkowskiŁęki Szlacheckie
1%
lubelskiechełmskiLeśniowice
1%
pomorskiemalborskiLichnowy
1%
pomorskiekościerskiLiniewo
1%
wielkopolskiekaliskiLisków
1%
kujawsko-pomorskieświeckiLniano
1%
lubelskiekrasnostawskiŁopiennik Górny
1%
kujawsko-pomorskiewłocławskiLubanie
1%
kujawsko-pomorskietucholskiLubiewo
1%
lubuskiegorzowskiLubiszyn
1%
mazowieckieżuromińskiLutocin
1%
wielkopolskietureckiMalanów
1%
zachodniopomorskiestargardzkiMarianowo
1%
warmińsko-mazurskieelbląskiMarkusy
1%
warmińsko-mazurskieelbląskiMilejewo
1%
pomorskiemalborskiMiłoradz
1%
mazowieckiesochaczewskiMłodzieszyn
1%
mazowieckiemakowskiMłynarze
1%
mazowieckiesierpeckiMochowo
1%
wielkopolskiekaliskiMycielin
1%
mazowieckiepłońskiNaruszewo
1%
lubuskieżagańskiNiegosławice
1%
łódzkiepajęczańskiNowa Brzeźnica
1%
mazowieckiesochaczewskiNowa Sucha
1%
łódzkiekutnowskiNowe Ostrowy
1%
podlaskiewysokomazowieckiNowe Piekuty
1%
mazowieckiepułtuskiObryte
1%
mazowieckieciechanowskiOjrzeń
1%
łódzkiekutnowskiOporów
1%
kujawsko-pomorskieradziejowskiOsięciny
1%
mazowieckiegostynińskiPacyna
1%
mazowieckiesiedleckiPaprotnia
1%
pomorskiebytowskiParchowo
1%
łódzkiepoddębickiPęczniew
1%
mazowieckiemakowskiPłoniawy-Bramura
1%
warmińsko-mazurskiebraniewskiPłoskinia
1%
warmińsko-mazurskiedziałdowskiPłośnica
1%
kujawsko-pomorskiewąbrzeskiPłużnica
1%
małopolskieoświęcimskiPolanka Wielka
1%
warmińsko-mazurskiewęgorzewskiPozezdrze
1%
zachodniopomorskiepyrzyckiPrzelewice
1%
podlaskiesuwalskiPrzerośl
1%
mazowieckiesiedleckiPrzesmyki
1%
wielkopolskietureckiPrzykona
1%
śląskieczęstochowskiPrzyrów
1%
lubuskiemiędzyrzeckiPrzytoczna
1%
podlaskiełomżyńskiPrzytuły
1%
zachodniopomorskieświdwińskiRąbino
1%
kujawsko-pomorskiealeksandrowskiRaciążek
1%
kujawsko-pomorskiegolubsko-dobrzyńskiRadomin
1%
zachodniopomorskiełobeskiRadowo Małe
1%
mazowieckiepłockiRadzanowo
1%
łódzkiepiotrkowskiRęczno
1%
łódzkierawskiRegnów
1%
mazowieckiesokołowskiRepki
1%
kujawsko-pomorskieinowrocławskiRojewo
1%
mazowieckiesierpeckiRościszewo
1%
podlaskiebielskiRudka
1%
warmińsko-mazurskieelbląskiRychliki
1%
pomorskiekwidzyńskiRyjewo
1%
mazowieckiemakowskiRzewnie
1%
mazowieckiesokołowskiSabnie
1%
pomorskiekwidzyńskiSadlinki
1%
kujawsko-pomorskiebydgoskiSicienko
1%
podlaskiesokólskiSidra
1%
mazowieckieżuromińskiSiemiątkowo
1%
łódzkiepajęczańskiSiemkowice
1%
zachodniopomorskiekołobrzeskiSiemyśl
1%
lubuskieświebodzińskiSkąpe
1%
kujawsko-pomorskierypińskiSkrwilno
1%
mazowieckiewyszkowskiSomianka
1%
mazowieckiepłockiStara Biała
1%
zachodniopomorskiestargardzkiStara Dąbrowa
1%
dolnośląskiewałbrzyskiStare Bogaczowice
1%
zachodniopomorskiegryfińskiStare Czarnowo
1%
mazowieckiepłockiStaroźreby
1%
mazowieckiewołomińskiStrachówka
1%
pomorskiebytowskiStudzienice
1%
mazowieckiemławskiStupsk
1%
kujawsko-pomorskiebrodnickiŚwiedziebnia
1%
kujawsko-pomorskieświeckiŚwiekatowo
1%
opolskienamysłowskiŚwierczów
1%
zachodniopomorskiekoszalińskiŚwieszyno
1%
łódzkiełęczyckiŚwinice Warckie
1%
mazowieckiemakowskiSypniewo
1%
mazowieckiesierpeckiSzczutowo
1%
mazowieckiemakowskiSzelków
1%
mazowieckiemławskiSzreńsk
1%
podlaskiesokólskiSzudziałowo
1%
kujawsko-pomorskielipnowskiTłuchowo
1%
kujawsko-pomorskieradziejowskiTopólka
1%
lubuskiezielonogórskiTrzebiechów
1%
pomorskiebytowskiTrzebielino
1%
lubelskiehrubieszowskiTrzeszczany
1%
lubuskieżarskiTuplice
1%
kujawsko-pomorskiealeksandrowskiWaganiec
1%
kujawsko-pomorskierypińskiWąpielsk
1%
zachodniopomorskiepyrzyckiWarnice
1%
łódzkiepoddębickiWartkowice
1%
kujawsko-pomorskietoruńskiWielka Nieszawka
1%
wielkopolskiekonińskiWierzbinek
1%
łódzkiewieluńskiWierzchlas
1%
mazowieckiemławskiWiśniewo
1%
łódzkiełęczyckiWitonia
1%
łódzkiełaskiWodzierady
1%
łódzkiesieradzkiWróblew
1%
lubuskieżagańskiWymiarki
1%
podlaskiebielskiWyszki
1%
mazowieckiewyszkowskiZabrodzie
1%
łódzkiepoddębickiZadzim
1%
łódzkiezduńskowolskiZapolice
1%
mazowieckiepułtuskiZatory
1%
kujawsko-pomorskiebrodnickiZbiczno
1%
podlaskiełomżyńskiZbójna
1%
kujawsko-pomorskiegolubsko-dobrzyńskiZbójno
1%

Rozkład punktacji

Percentyl według liczby udzielonych odpowiedzi

Procent ludzi z każdym wynikiem

Twoja historia wyników

Nie rozwiązałeś tego quizu